{"text_format":"3","workbook":"xlsx","n_sheets":8,"sheets":["ORÇAMENTO","CRON. MACRO","BDI","Encargos Sociais","MOBILIZAÇÃO-CPU ","ADM LOCAL-CPU","CPU","DMT"],"not_rendered":{"images":3,"defined_names":14},"read":"whole","date_system":"1900"}

{"sheet":"ORÇAMENTO","index":0,"n_rows":193,"n_cols":21,"rows_kept":193,"merged":[[1,8,1,10],[3,6,3,7],[4,6,4,7],[5,6,5,7],[6,6,6,7],[7,6,7,7],[7,8,7,10],[8,6,8,7],[8,8,8,10],[12,0,12,10],[14,0,15,0],[14,1,15,1],[14,2,15,2],[14,3,15,3],[14,4,15,4],[14,5,15,5],[14,6,15,6],[14,7,15,7],[14,8,15,8],[14,9,15,9],[14,10,15,10],[71,3,71,5],[71,6,71,8],[76,0,77,0],[76,1,77,1],[76,2,77,2],[76,3,77,3],[76,4,77,4],[76,5,77,5],[76,6,77,6],[76,7,77,7],[76,8,77,8],[76,9,77,9],[76,10,77,10],[133,3,133,5],[133,6,133,8],[138,0,139,0],[138,1,139,1],[138,2,139,2],[138,3,139,3],[138,4,139,4],[138,5,139,5],[138,6,139,6],[138,7,139,7],[138,8,139,8],[138,9,139,9],[138,10,139,10]]}
[]
[{"$nulls":8},"Cruzeiro do Sul/RS, janeiro de 2022"]
[]
[{"$nulls":6},"TOMADOR: ",null,"PREFEITURA MUNICIPAL DE CRUZEIRO DO SUL"]
[{"$nulls":6},"NOME DA OBRA:",null,"LINHA SÍTIO"]
[{"$nulls":6},"ÁREA TOTAL:",null,{"$f":"D20","v":{"v":1376.5900000000001,"d":"1,376.59"}},"m²"]
["CRUZEIRO DO SUL/RS",{"$nulls":5},"TIPO DE OBRA:",null,"CONSTRUÇÃO DE FERROVIAS E RODOVIAS"]
["LINHA SÍTIO",{"$nulls":5},"CONTRIBUIÇÃO PREVIDENCIÁRIA:",null,"ORÇAMENTO SEM A DESONERAÇÂO PREVISTA\nNA LEI 12.844/2013"]
[{"$nulls":6},"BDI:",null,{"v":0.2423,"d":"24.23%"}]
[{"$nulls":6},"ENCARGOS SOCIAIS SOBRE PREÇOS DA MÃO-DE-OBRA: 110,61% (HORA)  68,86% (MÊS)"]
[]
[]
["PLANILHA ORÇAMENTÁRIA "]
[]
["ITEM","SERVIÇOS","UNID.","QUANTIDADE","MATERIAL","MÃO DE OBRA","TOTAL UNIT.","MATERIAL","MÃO DE OBRA","TOTAL","REF. TÉCNICA \nSINAPI AGO/2021\nSICRO JAN/21",{"$nulls":8},"MAT.","M.O."]
[{"$nulls":11},"JUNHO","JULHO","AGOSTO"]
[]
[1,"SERVIÇOS INICIAIS",{"$nulls":9},1.2423,null,1.2423]
["1.1","IMPLANTAÇÃO DE PLACA DE OBRA (1,20X2,40M)","unid",{"$f":"SUMIF($A$69:$A$194,A19,$D$69:$D$194)","v":{"v":1,"d":"1.00"}},{"$f":"G19-F19","v":{"v":2327.2,"d":"R$ 2,327.20"}},{"$f":"TRUNC(G19*U19,2)","v":{"v":581.8,"d":"R$ 581.80"}},{"v":2909,"d":"R$ 2,909.00"},{"$f":"SUMIF($A$69:$A$191,A19,$H$69:$H$190)","v":{"v":2327.2,"d":"R$ 2,327.20"}},{"$f":"SUMIF($A$69:$A$191,A19,$I$69:$I$190)","v":{"v":581.8,"d":"R$ 581.80"}},{"$f":"SUMIF($A$69:$A$191,A19,$J$69:$J$190)","v":{"v":2909,"d":"R$ 2,909.00"}},"CPU 01",{"v":2019.18,"d":"2,019.18"},null,{"$f":"CPU!H12","v":{"v":2235.7000000000003,"d":"2,235.70"}},{"$nulls":6},{"v":0.2,"d":"0.20"}]
["1.2","SERVIÇOS TOPOGRÁFICOS PARA PAVIMENTAÇÃO","m²",{"$f":"SUMIF($A$69:$A$194,A20,$D$69:$D$194)","v":{"v":1376.5900000000001,"d":"1,376.59"}},{"$f":"G20-F20","v":{"v":0.15000000000000002,"d":"R$ 0.15"}},{"$f":"TRUNC(G20*U20,2)","v":{"v":0.6,"d":"R$ 0.60"}},{"v":0.75,"d":"R$ 0.75"},{"$f":"SUMIF($A$69:$A$191,A20,$H$69:$H$190)","v":{"v":206.49000000000007,"d":"R$ 206.49"}},{"$f":"SUMIF($A$69:$A$191,A20,$I$69:$I$190)","v":{"v":825.95,"d":"R$ 825.95"}},{"$f":"SUMIF($A$69:$A$191,A20,$J$69:$J$190)","v":{"v":1032.44,"d":"R$ 1,032.44"}},"CPU 02",0.53,null,{"$f":"CPU!H28","v":0.53},{"$nulls":6},{"v":0.8,"d":"0.80"}]
["1.3","MOBILIZAÇÃO E DESMOBILIZAÇÃO DE EQUIPAMENTOS","unid",{"$f":"SUMIF($A$69:$A$194,A21,$D$69:$D$194)","v":{"v":1,"d":"1.00"}},{"$f":"G21-F21","v":{"v":2637.3999999999996,"d":"R$ 2,637.40"}},{"$f":"TRUNC(G21*U21,2)","v":{"v":659.34,"d":"R$ 659.34"}},{"v":3296.74,"d":"R$ 3,296.74"},{"$f":"SUMIF($A$69:$A$191,A21,$H$69:$H$190)","v":{"v":2637.3999999999996,"d":"R$ 2,637.40"}},{"$f":"SUMIF($A$69:$A$191,A21,$I$69:$I$190)","v":{"v":659.34,"d":"R$ 659.34"}},{"$f":"SUMIF($A$69:$A$191,A21,$J$69:$J$190)","v":{"v":3296.74,"d":"R$ 3,296.74"}},"CPU 03",{"v":6984.42,"d":"6,984.42"},null,{"$f":"'MOBILIZAÇÃO-CPU '!I47","v":{"v":8381.304,"d":"8,381.30"}},{"$nulls":6},{"v":0.2,"d":"0.20"}]
["1.4","ADMINISTRAÇÃO LOCAL DE OBRA","mês","lore",{"$f":"G22-F22","v":{"v":2759.8999999999996,"d":"R$ 2,759.90"}},{"$f":"TRUNC(G22*U22,2)","v":{"v":11039.56,"d":"R$ 11,039.56"}},{"v":13799.46,"d":"R$ 13,799.46"},{"$f":"SUMIF($A$69:$A$191,A22,$H$69:$H$190)","v":{"v":5519.799999999999,"d":"R$ 5,519.80"}},{"$f":"SUMIF($A$69:$A$191,A22,$I$69:$I$190)","v":{"v":22079.12,"d":"R$ 22,079.12"}},{"$f":"SUMIF($A$69:$A$191,A22,$J$69:$J$190)","v":{"v":27598.92,"d":"R$ 27,598.92"}},"CPU 04",{"v":8742.720000000001,"d":"8,742.72"},null,{"$f":"'ADM LOCAL-CPU'!J23","v":{"v":8775.04,"d":"8,775.04"}},{"$nulls":6},{"v":0.8,"d":"0.80"}]
[{"$f":"CONCATENATE(\"TOTAL DO ITEM \",A18,\" - \",B18)","v":"TOTAL DO ITEM 1 - SERVIÇOS INICIAIS"},{"$nulls":6},{"$f":"SUM(H19:H22)","v":{"v":10690.89,"d":"R$ 10,690.89"}},{"$f":"SUM(I19:I22)","v":{"v":24146.21,"d":"R$ 24,146.21"}},{"$f":"SUM(J19:J22)","v":{"v":34837.1,"d":"R$ 34,837.10"}}]
[2,"TERRAPLENAGEM"]
["2.1","ESCAVAÇÃO HORIZONTAL, INCLUINDO CARGA, DESCARGA E TRANSPORTE EM SOLO DE 1A CATEGORIA COM TRATOR DE ESTEIRAS (125HP/LÂMINA: 2,70M3) E CAMINHÃO BASCULANTE DE 10M3, DMT ATÉ 200M. AF_07/2020","m³",{"$f":"SUMIF($A$69:$A$194,A25,$D$69:$D$194)","v":{"v":351.5,"d":"351.50"}},{"$f":"G25-F25","v":{"v":11.85,"d":"R$ 11.85"}},{"$f":"TRUNC(G25*U25,2)","v":{"v":2.25,"d":"R$ 2.25"}},{"$f":"ROUND(N25*$N$18,2)","v":{"v":14.1,"d":"R$ 14.10"}},{"$f":"SUMIF($A$69:$A$191,A25,$H$69:$H$190)","v":{"v":4165.27,"d":"R$ 4,165.27"}},{"$f":"SUMIF($A$69:$A$191,A25,$I$69:$I$190)","v":{"v":790.8699999999999,"d":"R$ 790.87"}},{"$f":"SUMIF($A$69:$A$191,A25,$J$69:$J$190)","v":{"v":4956.139999999999,"d":"R$ 4,956.14"}},101138,10.87,null,11.35,{"$nulls":6},0.16]
["2.2","TRANSPORTE COM CAMINHÃO BASCULANTE DE 10 M³, EM VIA URBANA EM REVESTIMENTO PRIMÁRIO, DMT 1,0 KM (UNIDADE: M3XKM). AF_07/2020","m³ x km",{"$f":"SUMIF($A$69:$A$194,A26,$D$69:$D$194)","v":439.38},{"$f":"G26-F26","v":{"v":2,"d":"R$ 2.00"}},{"v":0.17,"d":"R$ 0.17"},{"v":2.17,"d":"R$ 2.17"},{"$f":"SUMIF($A$69:$A$191,A26,$H$69:$H$190)","v":{"v":878.76,"d":"R$ 878.76"}},{"$f":"SUMIF($A$69:$A$191,A26,$I$69:$I$190)","v":{"v":74.69,"d":"R$ 74.69"}},{"$f":"SUMIF($A$69:$A$191,A26,$J$69:$J$190)","v":{"v":953.45,"d":"R$ 953.45"}},93589,1.74,null,{"v":1.9,"d":"1.90"},null,{"v":13.3,"d":"13.30"},{"$nulls":4},0.08]
["2.3","REMOÇÃO DE SOLOS MOLES PARA ATÉ 600 MCS","m³",{"$f":"SUMIF($A$69:$A$194,A27,$D$69:$D$194)","v":{"v":50,"d":"50.00"}},{"$f":"G27-F27","v":{"v":10.86,"d":"R$ 10.86"}},{"$f":"TRUNC(G27*U27,2)","v":{"v":2.06,"d":"R$ 2.06"}},{"$f":"ROUND(N27*$N$18,2)","v":{"v":12.92,"d":"R$ 12.92"}},{"$f":"SUMIF($A$69:$A$191,A27,$H$69:$H$190)","v":{"v":543,"d":"R$ 543.00"}},{"$f":"SUMIF($A$69:$A$191,A27,$I$69:$I$190)","v":{"v":103,"d":"R$ 103.00"}},{"$f":"SUMIF($A$69:$A$191,A27,$J$69:$J$190)","v":{"v":646,"d":"R$ 646.00"}},"sicro 5502927",null,null,{"v":10.4,"d":"10.40"},{"$nulls":6},0.16]
["2.4","AQUISIÇÃO DE ARGILA PROVENIENTE DE JAZIDA","m³",{"$f":"SUMIF($A$69:$A$194,A28,$D$69:$D$194)","v":{"v":50,"d":"50.00"}},{"v":19.23,"d":"R$ 19.23"},{"v":3.66,"d":"R$ 3.66"},{"v":22.89,"d":"R$ 22.89"},{"$f":"SUMIF($A$69:$A$191,A28,$H$69:$H$190)","v":{"v":961.5000000000001,"d":"R$ 961.50"}},{"$f":"SUMIF($A$69:$A$191,A28,$I$69:$I$190)","v":{"v":183,"d":"R$ 183.00"}},{"$f":"SUMIF($A$69:$A$191,A28,$J$69:$J$190)","v":{"v":1144.5,"d":"R$ 1,144.50"}},6077,null,null,16.76,{"$nulls":6},0.16]
["2.5","TRANSPORTE COM CAMINHÃO BASCULANTE DE 10 M³, EM VIA URBANA EM REVESTIMENTO PRIMÁRIO, DMT 15,40 KM (UNIDADE: M3XKM). AF_07/2020","m³ x km",{"$f":"SUMIF($A$69:$A$194,A29,$D$69:$D$194)","v":{"v":962.5,"d":"962.50"}},{"$f":"G29-F29","v":{"v":2,"d":"R$ 2.00"}},{"v":0.17,"d":"R$ 0.17"},{"v":2.17,"d":"R$ 2.17"},{"$f":"SUMIF($A$69:$A$191,A29,$H$69:$H$190)","v":{"v":1925,"d":"R$ 1,925.00"}},{"$f":"SUMIF($A$69:$A$191,A29,$I$69:$I$190)","v":{"v":163.62,"d":"R$ 163.62"}},{"$f":"SUMIF($A$69:$A$191,A29,$J$69:$J$190)","v":{"v":2088.62,"d":"R$ 2,088.62"}},93589,1.74,null,{"v":1.9,"d":"1.90"},null,{"v":15.4,"d":"15.40"},{"$nulls":4},0.08]
["2.6","EXECUÇÃO E COMPACTAÇÃO DE ATERRO COM SOLO PREDOMINANTEMENTE ARGILOSO - EXCLUSIVE SOLO, ESCAVAÇÃO, CARGA E TRANSPORTE. AF_11/2019","m³",{"$f":"SUMIF($A$69:$A$194,A30,$D$69:$D$194)","v":{"v":50,"d":"50.00"}},{"v":10.329999999999998,"d":"R$ 10.33"},{"$f":"TRUNC(G30*U30,2)","v":{"v":1.96,"d":"R$ 1.96"}},{"v":12.29,"d":"R$ 12.29"},{"$f":"SUMIF($A$69:$A$191,A30,$H$69:$H$190)","v":{"v":516.5,"d":"R$ 516.50"}},{"$f":"SUMIF($A$69:$A$191,A30,$I$69:$I$190)","v":{"v":98,"d":"R$ 98.00"}},{"$f":"SUMIF($A$69:$A$191,A30,$J$69:$J$190)","v":{"v":614.5,"d":"R$ 614.50"}},96385,null,null,8.78,{"$nulls":6},0.16]
["2.7","REGULARIZAÇÃO E COMPACTAÇÃO DE SUBLEITO DE SOLO PREDOMINANTEMENTE ARGILOSO. AF_11/2019","m²",{"$f":"SUMIF($A$69:$A$194,A31,$D$69:$D$194)","v":{"v":1705.3899999999999,"d":"1,705.39"}},{"v":2.22,"d":"R$ 2.22"},{"v":0.42,"d":"R$ 0.42"},{"v":2.64,"d":"R$ 2.64"},{"$f":"SUMIF($A$69:$A$191,A31,$H$69:$H$190)","v":{"v":3785.9700000000003,"d":"R$ 3,785.97"}},{"$f":"SUMIF($A$69:$A$191,A31,$I$69:$I$190)","v":{"v":716.25,"d":"R$ 716.25"}},{"$f":"SUMIF($A$69:$A$191,A31,$J$69:$J$190)","v":{"v":4502.22,"d":"R$ 4,502.22"}},100576,1.74,null,1.89,{"$nulls":6},0.16]
[{"$f":"CONCATENATE(\"TOTAL DO ITEM \",A24,\" - \",B24)","v":"TOTAL DO ITEM 2 - TERRAPLENAGEM"},{"$nulls":6},{"$f":"SUM(H25:H31)","v":{"v":12776,"d":"R$ 12,776.00"}},{"$f":"SUM(I25:I31)","v":{"v":2129.43,"d":"R$ 2,129.43"}},{"$f":"SUM(J25:J31)","v":{"v":14905.43,"d":"R$ 14,905.43"}}]
[3,"DRENAGEM"]
["3.1","ESCAVAÇÃO MECANIZADA DE VALA COM PROF. ATÉ 1,5 M(MÉDIA ENTRE MONTANTE E JUSANTE/UMA COMPOSIÇÃO POR TRECHO), COM ESCAVADEIRA HIDRÁULICA (0,8 M3), LARG. DE 1,5M A 2,5 M, EM SOLO DE 1A CATEGORIA, LOCAIS COM BAIXO NÍVEL DE INTERFERÊNCIA. AF_02/2021","m³",{"$f":"SUMIF($A$69:$A$194,A34,$D$69:$D$194)","v":{"v":61.440000000000005,"d":"61.44"}},{"$f":"G34-F34","v":{"v":6.2,"d":"R$ 6.20"}},{"$f":"TRUNC(G34*U34,2)","v":{"v":1.17,"d":"R$ 1.17"}},{"$f":"ROUND(N34*$N$18,2)","v":{"v":7.37,"d":"R$ 7.37"}},{"$f":"SUMIF($A$69:$A$191,A34,$H$69:$H$190)","v":{"v":380.93,"d":"R$ 380.93"}},{"$f":"SUMIF($A$69:$A$191,A34,$I$69:$I$190)","v":{"v":71.88,"d":"R$ 71.88"}},{"$f":"SUMIF($A$69:$A$191,A34,$J$69:$J$190)","v":{"v":452.81,"d":"R$ 452.81"}},90106,null,null,5.93,{"$nulls":6},0.16]
["3.2","TRANSPORTE COM CAMINHÃO BASCULANTE DE 10 M³, EM VIA URBANA EM REVESTIMENTO PRIMÁRIO, DMT 13,30 KM (UNIDADE: M3XKM). AF_07/2020","m³ x km",{"$f":"SUMIF($A$69:$A$194,A35,$D$69:$D$194)","v":10.41},{"$f":"G35-F35","v":{"v":2,"d":"R$ 2.00"}},{"v":0.17,"d":"R$ 0.17"},{"v":2.17,"d":"R$ 2.17"},{"$f":"SUMIF($A$69:$A$191,A35,$H$69:$H$190)","v":{"v":20.82,"d":"R$ 20.82"}},{"$f":"SUMIF($A$69:$A$191,A35,$I$69:$I$190)","v":{"v":1.7599999999999998,"d":"R$ 1.76"}},{"$f":"SUMIF($A$69:$A$191,A35,$J$69:$J$190)","v":{"v":22.58,"d":"R$ 22.58"}},93589,null,null,{"v":1.9,"d":"1.90"},null,{"v":13.3,"d":"13.30"},{"$nulls":4},0.08]
["3.3","LASTRO DE BRITA PARA ASSENTAMENTO DOS TUBOS, EXCLUSIVE TRANPORTE","m³",{"$f":"SUMIF($A$69:$A$194,A36,$D$69:$D$194)","v":{"v":4.6,"d":"4.60"}},{"v":103.81,"d":"R$ 103.81"},{"v":19.77,"d":"R$ 19.77"},{"v":123.58,"d":"R$ 123.58"},{"$f":"SUMIF($A$69:$A$191,A36,$H$69:$H$190)","v":{"v":477.52,"d":"R$ 477.52"}},{"$f":"SUMIF($A$69:$A$191,A36,$I$69:$I$190)","v":{"v":90.94,"d":"R$ 90.94"}},{"$f":"SUMIF($A$69:$A$191,A36,$J$69:$J$190)","v":{"v":568.46,"d":"R$ 568.46"}},96624,null,null,{"v":91.4,"d":"91.40"},{"$nulls":6},0.16]
["3.4","TRANSPORTE COM CAMINHÃO BASCULANTE DE 10 M³, EM VIA URBANA PAVIMENTADA, DMT 26,30 KM (UNIDADE: M3XKM). AF_07/2020","m³ x km",{"$f":"SUMIF($A$69:$A$194,A37,$D$69:$D$194)","v":{"v":136.70999999999998,"d":"136.71"}},{"v":2,"d":"R$ 2.00"},{"v":0.17,"d":"R$ 0.17"},{"$f":"ROUND(N37*$N$18,2)","v":{"v":2.17,"d":"R$ 2.17"}},{"$f":"SUMIF($A$69:$A$191,A37,$H$69:$H$190)","v":{"v":273.41999999999996,"d":"R$ 273.42"}},{"$f":"SUMIF($A$69:$A$191,A37,$I$69:$I$190)","v":{"v":23.23,"d":"R$ 23.23"}},{"$f":"SUMIF($A$69:$A$191,A37,$J$69:$J$190)","v":{"v":296.65,"d":"R$ 296.65"}},95875,1.67,null,1.75,null,{"v":24,"d":"24.00"},{"$nulls":4},0.08]
["3.5","TUBO DE CONCRETO SIMPLES PARA AGUAS PLUVIAIS, CLASSE PS-1, COM ENCAIXE MACHO FÊMEA, DIAMETRO NOMINAL DE 400 MM","m",{"$f":"SUMIF($A$69:$A$194,A38,$D$69:$D$194)","v":{"v":24,"d":"24.00"}},{"$f":"G38-F38","v":{"v":57.74,"d":"R$ 57.74"}},0,{"$f":"ROUND(N38*$N$18,2)","v":{"v":57.74,"d":"R$ 57.74"}},{"$f":"SUMIF($A$69:$A$191,A38,$H$69:$H$190)","v":{"v":1385.76,"d":"R$ 1,385.76"}},{"$f":"SUMIF($A$69:$A$191,A38,$I$69:$I$190)","v":0},{"$f":"SUMIF($A$69:$A$191,A38,$J$69:$J$190)","v":{"v":1385.76,"d":"R$ 1,385.76"}},37451,null,null,46.48,{"$nulls":6},0]
["3.6","TUBO DE CONCRETO ARMADO PARA AGUAS PLUVIAIS, CLASSE PA-1, COM ENCAIXE MACHO FÊMEA, DIAMETRO NOMINAL DE 400 MM","m",{"$f":"SUMIF($A$69:$A$194,A39,$D$69:$D$194)","v":{"v":22,"d":"22.00"}},{"v":118.76,"d":"R$ 118.76"},0,{"v":118.76,"d":"R$ 118.76"},{"$f":"SUMIF($A$69:$A$191,A39,$H$69:$H$190)","v":{"v":2612.72,"d":"R$ 2,612.72"}},{"$f":"SUMIF($A$69:$A$191,A39,$I$69:$I$190)","v":0},{"$f":"SUMIF($A$69:$A$191,A39,$J$69:$J$190)","v":{"v":2612.72,"d":"R$ 2,612.72"}},7745,null,null,{"v":95.6,"d":"95.60"},{"$nulls":6},0]
["3.7","ASSENTAMENTO DE TUBO DE CONCRETO PARA REDES COLETORAS DE ÁGUAS PLUVIAIS, DIÂMETRO DE 400 MM, JUNTA RÍGIDA, INSTALADO EM LOCAL COM BAIXO NÍVEL DE INTERFERÊNCIAS (NÃO INCLUI FORNECIMENTO). AF_12/2015","m",{"$f":"SUMIF($A$69:$A$194,A40,$D$69:$D$194)","v":{"v":46,"d":"46.00"}},0,{"$f":"TRUNC(G40*U40,2)","v":{"v":58.08,"d":"R$ 58.08"}},{"v":58.08,"d":"R$ 58.08"},{"$f":"SUMIF($A$69:$A$191,A40,$H$69:$H$190)","v":0},{"$f":"SUMIF($A$69:$A$191,A40,$I$69:$I$190)","v":{"v":2671.6800000000003,"d":"R$ 2,671.68"}},{"$f":"SUMIF($A$69:$A$191,A40,$J$69:$J$190)","v":{"v":2671.6800000000003,"d":"R$ 2,671.68"}},92809,null,null,46.75,{"$nulls":6},{"v":1,"d":"1.00"}]
["3.8","REATERRO MECANIZADO DE VALA COM ESCAVADEIRA HIDRÁULICA (CAPACIDADE DA CAÇAMBA: 0,8 M³ / POTÊNCIA: 111 HP), LARGURA ATÉ 1,5 M, PROFUNDIDADE DE 1,5 A 3,0 M, COM SOLO DE 1ª CATEGORIA EM LOCAIS COM BAIXO NÍVEL DE INTERFERÊNCIA. AF_04/2016","m³",{"$f":"SUMIF($A$69:$A$194,A41,$D$69:$D$194)","v":53.11},{"$f":"G41-F41","v":{"v":19.64,"d":"R$ 19.64"}},{"v":3.74,"d":"R$ 3.74"},{"v":23.38,"d":"R$ 23.38"},{"$f":"SUMIF($A$69:$A$191,A41,$H$69:$H$190)","v":{"v":1043.09,"d":"R$ 1,043.09"}},{"$f":"SUMIF($A$69:$A$191,A41,$I$69:$I$190)","v":{"v":198.62,"d":"R$ 198.62"}},{"$f":"SUMIF($A$69:$A$191,A41,$J$69:$J$190)","v":{"v":1241.71,"d":"R$ 1,241.71"}},93368,null,null,14.71,{"$nulls":6},0.16]
["3.9","CAIXA COLETORA COM PAREDES EM PEDRA GRÊS, 0,80x0,80, COM FUNDO E TAMPA DE CONCRETO","unid",{"$f":"SUMIF($A$69:$A$194,A42,$D$69:$D$194)","v":{"v":5,"d":"5.00"}},{"$f":"G42-F42","v":{"v":1557.52,"d":"R$ 1,557.52"}},{"$f":"TRUNC(G42*U42,2)","v":{"v":296.66,"d":"R$ 296.66"}},{"$f":"ROUND(N42*$N$18,2)","v":{"v":1854.18,"d":"R$ 1,854.18"}},{"$f":"SUMIF($A$69:$A$191,A42,$H$69:$H$190)","v":{"v":7787.599999999999,"d":"R$ 7,787.60"}},{"$f":"SUMIF($A$69:$A$191,A42,$I$69:$I$190)","v":{"v":1483.3000000000002,"d":"R$ 1,483.30"}},{"$f":"SUMIF($A$69:$A$191,A42,$J$69:$J$190)","v":{"v":9270.9,"d":"R$ 9,270.90"}},"CPU 09",null,null,{"$f":"CPU!H148","v":{"v":1492.5399999999997,"d":"1,492.54"}},{"$nulls":6},0.16]
[{"$f":"CONCATENATE(\"TOTAL DO ITEM \",A33,\" - \",B33)","v":"TOTAL DO ITEM 3 - DRENAGEM"},{"$nulls":6},{"$f":"SUM(H34:H42)","v":{"v":13981.86,"d":"R$ 13,981.86"}},{"$f":"SUM(I34:I42)","v":{"v":4541.41,"d":"R$ 4,541.41"}},{"$f":"SUM(J34:J42)","v":{"v":18523.269999999997,"d":"R$ 18,523.27"}}]
[4,"PAVIMENTAÇÃO"]
["4.1","EXECUÇÃO E COMPACTAÇÃO DE BASE E OU SUB BASE PARA PAVIMENTAÇÃO DE MACADAME SECO (E = 15 CM) - EXCLUSIVE CARGA E TRANSPORTE. AF_11/2019","m³",{"$f":"SUMIF($A$69:$A$194,A45,$D$69:$D$194)","v":{"v":241.58999999999997,"d":"241.59"}},{"$f":"G45-F45","v":{"v":109.35000000000001,"d":"R$ 109.35"}},{"$f":"TRUNC(G45*U45,2)","v":{"v":14.91,"d":"R$ 14.91"}},{"v":124.26,"d":"R$ 124.26"},{"$f":"SUMIF($A$69:$A$191,A45,$H$69:$H$190)","v":{"v":26417.87,"d":"R$ 26,417.87"}},{"$f":"SUMIF($A$69:$A$191,A45,$I$69:$I$190)","v":{"v":3602.1,"d":"R$ 3,602.10"}},{"$f":"SUMIF($A$69:$A$191,A45,$J$69:$J$190)","v":{"v":30019.97,"d":"R$ 30,019.97"}},96400,68.01,null,90.53,{"$nulls":6},0.12]
["4.2","TRANSPORTE COM CAMINHÃO BASCULANTE DE 10 M³, EM VIA URBANA PAVIMENTADA , DMT 26,30 KM (UNIDADE: M3XKM). AF_07/2020","m³ x km",{"$f":"SUMIF($A$69:$A$194,A46,$D$69:$D$194)","v":{"v":6989.200000000001,"d":"6,989.20"}},{"v":1.8499999999999999,"d":"R$ 1.85"},{"v":0.16,"d":"R$ 0.16"},{"v":2.01,"d":"R$ 2.01"},{"$f":"SUMIF($A$69:$A$191,A46,$H$69:$H$190)","v":{"v":12930.01,"d":"R$ 12,930.01"}},{"$f":"SUMIF($A$69:$A$191,A46,$I$69:$I$190)","v":{"v":1118.27,"d":"R$ 1,118.27"}},{"$f":"SUMIF($A$69:$A$191,A46,$J$69:$J$190)","v":{"v":14048.279999999999,"d":"R$ 14,048.28"}},95875,1.67,null,1.75,null,{"v":26.3,"d":"26.30"},{"$nulls":4},0.08]
["4.3","EXECUÇÃO E COMPACTAÇÃO DE BASE E OU SUB BASE PARA PAVIMENTAÇÃO DE BRITA GRADUADA SIMPLES (E = 15 CM) - EXCLUSIVE CARGA E TRANSPORTE. AF_11/2019","m³",{"$f":"SUMIF($A$69:$A$194,A47,$D$69:$D$194)","v":{"v":224.04000000000002,"d":"224.04"}},{"v":120.35,"d":"R$ 120.35"},{"v":16.41,"d":"R$ 16.41"},{"v":136.76,"d":"R$ 136.76"},{"$f":"SUMIF($A$69:$A$191,A47,$H$69:$H$190)","v":{"v":26963.22,"d":"R$ 26,963.22"}},{"$f":"SUMIF($A$69:$A$191,A47,$I$69:$I$190)","v":{"v":3676.48,"d":"R$ 3,676.48"}},{"$f":"SUMIF($A$69:$A$191,A47,$J$69:$J$190)","v":{"v":30639.7,"d":"R$ 30,639.70"}},96396,98.23,null,99.32,{"$nulls":6},0.12]
["4.4","TRANSPORTE COM CAMINHÃO BASCULANTE DE 10 M³, EM VIA URBANA PAVIMENTADA , DMT 26,30 KM (UNIDADE: M3XKM). AF_07/2020","m³ x km",{"$f":"SUMIF($A$69:$A$194,A48,$D$69:$D$194)","v":{"v":8543.76,"d":"8,543.76"}},{"v":1.8499999999999999,"d":"R$ 1.85"},{"v":0.16,"d":"R$ 0.16"},{"v":2.01,"d":"R$ 2.01"},{"$f":"SUMIF($A$69:$A$191,A48,$H$69:$H$190)","v":{"v":15805.960000000001,"d":"R$ 15,805.96"}},{"$f":"SUMIF($A$69:$A$191,A48,$I$69:$I$190)","v":{"v":1366.99,"d":"R$ 1,366.99"}},{"$f":"SUMIF($A$69:$A$191,A48,$J$69:$J$190)","v":{"v":17172.95,"d":"R$ 17,172.95"}},95875,1.67,null,1.75,null,{"v":26.3,"d":"26.30"},{"$nulls":4},0.08]
["4.5","IMPRIMAÇÃO COM CM-30, INCLUSIVE ASFALTO E TRANSPORTE, TAXA= 0,8 L/M² A 1,6 L/M²","m²",{"$f":"SUMIF($A$69:$A$194,A49,$D$69:$D$194)","v":{"v":1493.5900000000001,"d":"1,493.59"}},{"v":10.36,"d":"R$ 10.36"},{"v":1.15,"d":"R$ 1.15"},{"v":11.51,"d":"R$ 11.51"},{"$f":"SUMIF($A$69:$A$191,A49,$H$69:$H$190)","v":{"v":15473.600000000002,"d":"R$ 15,473.60"}},{"$f":"SUMIF($A$69:$A$191,A49,$I$69:$I$190)","v":{"v":1717.62,"d":"R$ 1,717.62"}},{"$f":"SUMIF($A$69:$A$191,A49,$J$69:$J$190)","v":{"v":17191.22,"d":"R$ 17,191.22"}},"CPU 05 (96401)",7.38,null,{"$f":"CPU!H47","v":{"v":7.869999999999998,"d":"7.87"}},{"$nulls":6},{"v":0.1,"d":"0.10"}]
["4.6","EXECUÇÃO DE PINTURA DE LIGAÇÃO COM EMULSÃO ASFÁLTICA RR-2C. AF_11/2019","m²",{"$f":"SUMIF($A$69:$A$194,A50,$D$69:$D$194)","v":{"v":1376.5900000000001,"d":"1,376.59"}},{"v":3.1100000000000003,"d":"R$ 3.11"},{"v":0.34,"d":"R$ 0.34"},{"v":3.45,"d":"R$ 3.45"},{"$f":"SUMIF($A$69:$A$191,A50,$H$69:$H$190)","v":{"v":4281.19,"d":"R$ 4,281.19"}},{"$f":"SUMIF($A$69:$A$191,A50,$I$69:$I$190)","v":{"v":468.04,"d":"R$ 468.04"}},{"$f":"SUMIF($A$69:$A$191,A50,$J$69:$J$190)","v":{"v":4749.23,"d":"R$ 4,749.23"}},"CPU 06 (96402)",2.28,null,{"$f":"CPU!H67","v":{"v":2.5000000000000004,"d":"2.50"}},{"$nulls":6},{"v":0.1,"d":"0.10"}]
["4.7","CONCRETO BETUMINOSO USINADO QUENTE (C.B.U.Q.), FORNECIMENTO E EXECUÇÃO (E= 4 CM)","m³",{"$f":"SUMIF($A$69:$A$194,A51,$D$69:$D$194)","v":{"v":55.0636,"d":"55.06"}},{"v":1491.71,"d":"R$ 1,491.71"},{"v":165.74,"d":"R$ 165.74"},{"v":1657.45,"d":"R$ 1,657.45"},{"$f":"SUMIF($A$69:$A$191,A51,$H$69:$H$190)","v":{"v":82138.93,"d":"R$ 82,138.93"}},{"$f":"SUMIF($A$69:$A$191,A51,$I$69:$I$190)","v":{"v":9126.23,"d":"R$ 9,126.23"}},{"$f":"SUMIF($A$69:$A$191,A51,$J$69:$J$190)","v":{"v":91265.16,"d":"R$ 91,265.16"}},"CPU 07 (95995)",{"v":1153.5600000000002,"d":"1,153.56"},null,{"$f":"CPU!H90","v":{"v":1214.9599999999998,"d":"1,214.96"}},{"$nulls":6},{"v":0.1,"d":"0.10"}]
["4.8","TRANSPORTE COM CAMINHÃO BASCULANTE DE 10 M³, EM VIA URBANA PAVIMENTADA , DMT 26,30 KM (UNIDADE: M3XKM). AF_07/2020","m³ x km",{"$f":"SUMIF($A$69:$A$194,A52,$D$69:$D$194)","v":{"v":2099.85,"d":"2,099.85"}},{"$f":"G52-F52","v":{"v":1.8499999999999999,"d":"R$ 1.85"}},{"v":0.16,"d":"R$ 0.16"},{"v":2.01,"d":"R$ 2.01"},{"$f":"SUMIF($A$69:$A$191,A52,$H$69:$H$190)","v":{"v":3884.73,"d":"R$ 3,884.73"}},{"$f":"SUMIF($A$69:$A$191,A52,$I$69:$I$190)","v":{"v":335.96000000000004,"d":"R$ 335.96"}},{"$f":"SUMIF($A$69:$A$191,A52,$J$69:$J$190)","v":{"v":4220.6900000000005,"d":"R$ 4,220.69"}},95875,1.67,null,1.75,null,{"v":26.3,"d":"26.30"},{"$nulls":4},0.08]
[{"$f":"CONCATENATE(\"TOTAL DO ITEM \",A44,\" - \",B44)","v":"TOTAL DO ITEM 4 - PAVIMENTAÇÃO"},{"$nulls":6},{"$f":"SUM(H45:H52)","v":{"v":187895.51000000004,"d":"R$ 187,895.51"}},{"$f":"SUM(I45:I52)","v":{"v":21411.69,"d":"R$ 21,411.69"}},{"$f":"SUM(J45:J52)","v":{"v":209307.2,"d":"R$ 209,307.20"}}]
[5,"SINALIZAÇÃO"]
["5.1","LIMPEZA DA SUPERFÍCIE PARA APLICAÇÃO DE SINALIZAÇÃO","m²",{"$f":"SUMIF($A$69:$A$194,A55,$D$69:$D$194)","v":{"v":109.4,"d":"109.40"}},{"$f":"G55-F55","v":{"v":1.66,"d":"R$ 1.66"}},{"$f":"TRUNC(G55*U55,2)","v":{"v":0.33,"d":"R$ 0.33"}},{"$f":"ROUND(N55*$N$18,2)","v":{"v":1.99,"d":"R$ 1.99"}},{"$f":"SUMIF($A$69:$A$191,A55,$H$69:$H$190)","v":{"v":181.6,"d":"R$ 181.60"}},{"$f":"SUMIF($A$69:$A$191,A55,$I$69:$I$190)","v":{"v":36.09,"d":"R$ 36.09"}},{"$f":"SUMIF($A$69:$A$191,A55,$J$69:$J$190)","v":{"v":217.69,"d":"R$ 217.69"}},99814,null,null,{"v":1.6,"d":"1.60"},{"$nulls":3},"área",null,null,0.17]
["5.2","SINALIZAÇÃO HORIZONTAL TINTA ACRÍLICA, COR AMARELA OU BRANCA (L= 12 CM)","m²",{"$f":"SUMIF($A$69:$A$194,A56,$D$69:$D$194)","v":{"v":70.2,"d":"70.20"}},{"$f":"G56-F56","v":{"v":28.480000000000004,"d":"R$ 28.48"}},{"v":5.83,"d":"R$ 5.83"},{"$f":"ROUND(N56*$N$18,2)","v":{"v":34.31,"d":"R$ 34.31"}},{"$f":"SUMIF($A$69:$A$191,A56,$H$69:$H$190)","v":{"v":1999.3000000000002,"d":"R$ 1,999.30"}},{"$f":"SUMIF($A$69:$A$191,A56,$I$69:$I$190)","v":{"v":409.25,"d":"R$ 409.25"}},{"$f":"SUMIF($A$69:$A$191,A56,$J$69:$J$190)","v":{"v":2408.55,"d":"R$ 2,408.55"}},"sicro 5213401",27.62,null,27.62,null,"custo m²","suporte","área",null,null,0.17]
["5.3","SINALIZAÇÃO HORIZONTAL ÁREAS ESPECIAIS","m²",{"$f":"SUMIF($A$69:$A$194,A57,$D$69:$D$194)","v":{"v":39.2,"d":"39.20"}},{"v":40.97,"d":"R$ 40.97"},{"v":8.39,"d":"R$ 8.39"},{"$f":"ROUND(N57*$N$18,2)","v":{"v":49.36,"d":"R$ 49.36"}},{"$f":"SUMIF($A$69:$A$191,A57,$H$69:$H$190)","v":{"v":1606.02,"d":"R$ 1,606.02"}},{"$f":"SUMIF($A$69:$A$191,A57,$I$69:$I$190)","v":{"v":328.88,"d":"R$ 328.88"}},{"$f":"SUMIF($A$69:$A$191,A57,$J$69:$J$190)","v":{"v":1934.9,"d":"R$ 1,934.90"}},"sicro 5213405",32.03,null,39.73,null,519.75,{"$f":"ROUND(140.66*3,2)","v":421.98},null,"Memória da cálculo das placas",null,0.17]
["5.4","PLACA TIPO R01-REGULAMENTAÇÃO (PARADA OBRIGATÓRIA) - SUPORTE METÁLICO H= 2,20M, L = 33 CM","unid",{"$f":"SUMIF($A$69:$A$194,A58,$D$69:$D$194)","v":{"v":1,"d":"1.00"}},{"$f":"G58-F58","v":{"v":569.09,"d":"R$ 569.09"}},{"v":116.55,"d":"R$ 116.55"},{"$f":"ROUND(N58*$N$18,2)","v":{"v":685.64,"d":"R$ 685.64"}},{"$f":"SUMIF($A$69:$A$191,A58,$H$69:$H$190)","v":{"v":569.09,"d":"R$ 569.09"}},{"$f":"SUMIF($A$69:$A$191,A58,$I$69:$I$190)","v":{"v":116.55,"d":"R$ 116.55"}},{"$f":"SUMIF($A$69:$A$191,A58,$J$69:$J$190)","v":{"v":685.64,"d":"R$ 685.64"}},"34723+21014",495.99,null,{"$f":"TRUNC((R58*$P$57)+($Q$57*1),2)","v":551.91},{"$nulls":3},{"$f":"ROUND(0.5*0.5,2)","v":0.25},"Memória da cálculo das placas",null,0.17]
["5.5","PLACA TIPO A-32b PASSAGEM DE PEDESTRES  - SUPORTE METÁLICO H = 2,20M, L = 50 CM","unid",{"$f":"SUMIF($A$69:$A$194,A59,$D$69:$D$194)","v":{"v":4,"d":"4.00"}},{"v":569.09,"d":"R$ 569.09"},{"v":116.55,"d":"R$ 116.55"},{"v":685.64,"d":"R$ 685.64"},{"$f":"SUMIF($A$69:$A$191,A59,$H$69:$H$190)","v":{"v":2276.36,"d":"R$ 2,276.36"}},{"$f":"SUMIF($A$69:$A$191,A59,$I$69:$I$190)","v":{"v":466.2,"d":"R$ 466.20"}},{"$f":"SUMIF($A$69:$A$191,A59,$J$69:$J$190)","v":{"v":2742.56,"d":"R$ 2,742.56"}},"34723+21014",495.99,null,{"$f":"TRUNC((R59*$P$57)+($Q$57*1),2)","v":551.91},{"$nulls":3},{"$f":"ROUND(0.5*0.5,2)","v":0.25},"Memória da cálculo das placas",null,0.17]
["5.6","PLACA TIPO R19-REGULAMENTAÇÃO (VELOCIDADE MÁXIMA)  - SUPORTE METÁLICO H= 2,20M, DIAM = 50 CM","unid",{"$f":"SUMIF($A$69:$A$194,A60,$D$69:$D$194)","v":{"v":3,"d":"3.00"}},{"v":542.29,"d":"R$ 542.29"},{"v":111.07,"d":"R$ 111.07"},{"v":653.36,"d":"R$ 653.36"},{"$f":"SUMIF($A$69:$A$191,A60,$H$69:$H$190)","v":{"v":1626.87,"d":"R$ 1,626.87"}},{"$f":"SUMIF($A$69:$A$191,A60,$I$69:$I$190)","v":{"v":333.21,"d":"R$ 333.21"}},{"$f":"SUMIF($A$69:$A$191,A60,$J$69:$J$190)","v":{"v":1960.08,"d":"R$ 1,960.08"}},"34723+21014",495.99,null,{"$f":"TRUNC((R60*$P$57)+($Q$57*1),2)","v":525.93},{"$nulls":3},{"$f":"ROUND(PI()*0.5^2/4,2)","v":0.2},"Memória da cálculo das placas",null,0.17]
["5.7","TACHA BIDIRECIONAL","unid",{"$f":"SUMIF($A$69:$A$194,A61,$D$69:$D$194)","v":{"v":30,"d":"30.00"}},{"v":23.96,"d":"R$ 23.96"},{"v":4.9,"d":"R$ 4.90"},{"v":28.86,"d":"R$ 28.86"},{"$f":"SUMIF($A$69:$A$191,A61,$H$69:$H$190)","v":{"v":718.8,"d":"R$ 718.80"}},{"$f":"SUMIF($A$69:$A$191,A61,$I$69:$I$190)","v":{"v":147,"d":"R$ 147.00"}},{"$f":"SUMIF($A$69:$A$191,A61,$J$69:$J$190)","v":{"v":865.8,"d":"R$ 865.80"}},"sicro 5219606",null,null,23.23,{"$nulls":6},0.17]
[{"$f":"CONCATENATE(\"TOTAL DO ITEM \",A54,\" - \",B54)","v":"TOTAL DO ITEM 5 - SINALIZAÇÃO"},{"$nulls":6},{"$f":"SUM(H55:H61)","v":{"v":8978.04,"d":"R$ 8,978.04"}},{"$f":"SUM(I55:I61)","v":{"v":1837.18,"d":"R$ 1,837.18"}},{"$f":"SUM(J55:J61)","v":{"v":10815.22,"d":"R$ 10,815.22"}}]
["TOTAL GERAL DO ORÇAMENTO",{"$nulls":6},{"$f":"H23+H32+H43+H53+H62","v":{"v":234322.30000000005,"d":"R$ 234,322.30"}},{"$f":"I23+I32+I43+I53+I62","v":{"v":54065.92,"d":"R$ 54,065.92"}},{"$f":"J23+J32+J43+J53+J62","v":{"v":288388.22,"d":"R$ 288,388.22"}},null,{"$f":"J63/D20","v":{"v":209.49463529445944,"d":"R$ 209.49"}}]
["BDI ADOTADO = 24,23%"]
["Ref: SICRO JAN/21"]
["SINAPI AGOSTO/21",{"$nulls":10},{"$f":"H63/D20","v":{"v":170.2193826774857,"d":"R$ 170.22"}},null,{"$f":"J63/D20","v":{"v":209.49463529445944,"d":"R$ 209.49"}},{"$f":"H63/J63","v":{"v":0.8125238263893029,"d":"81.25%"}},{"$f":"I63/J63","v":{"v":0.18747617361069743,"d":"18.75%"}}]
[]
[null,"Eng. Civil Lorenzo Schnorr Fornari",{"$nulls":3},"Prefeitura Municipal"]
[null,"CREA RS247702",{"$nulls":3},"de Cruzeiro do Sul/RS"]
[]
[]
[]
["LOCAL:","LINHA SÍTIO - RUA DA ESCOLA",null,"EXTENSÃO:",{"v":110,"d":"110.00"},"m"]
["TRECHO: ","ENTRE A RUA DA IGREJA E FINAL DO GINÁSIO ESPORTIVO",null,"LARGURA:",{"v":7,"d":"7.00"},"m"]
[{"$nulls":3},"ALARGAMENTO:",11.59,"m²"]
[{"$nulls":3},"ÁREA:",{"$f":"ROUND(E73*E74,2)+E75","v":781.59},"m²"]
["ITEM","SERVIÇOS","UNID.","QUANTIDADE","MATERIAL","MÃO DE OBRA","TOTAL UNIT.","MATERIAL","MÃO DE OBRA","TOTAL","REF. TÉCNICA \nSINAPI AGO/2021\nSICRO JAN/21"]
[]
[]
[1,{"$f":"VLOOKUP($A80,$A$16:$J$63,2,FALSE)","v":"SERVIÇOS INICIAIS"}]
["1.1",{"$f":"VLOOKUP($A81,$A$16:$J$63,2,FALSE)","v":"IMPLANTAÇÃO DE PLACA DE OBRA (1,20X2,40M)"},{"$f":"VLOOKUP($A81,$A$16:$J$63,3,FALSE)","v":"unid"},{"v":1,"d":"1.00"},{"$f":"VLOOKUP($A81,$A$16:$J$63,5,FALSE)","v":{"v":2327.2,"d":"R$ 2,327.20"}},{"$f":"VLOOKUP($A81,$A$16:$J$63,6,FALSE)","v":{"v":581.8,"d":"R$ 581.80"}},{"$f":"VLOOKUP($A81,$A$16:$J$63,7,FALSE)","v":{"v":2909,"d":"R$ 2,909.00"}},{"$f":"J81-I81","v":{"v":2327.2,"d":"R$ 2,327.20"}},{"$f":"TRUNC(D81*F81,2)","v":{"v":581.8,"d":"R$ 581.80"}},{"$f":"TRUNC(D81*G81,2)","v":{"v":2909,"d":"R$ 2,909.00"}},{"$f":"VLOOKUP($A81,$A$16:$K$63,11,FALSE)","v":"CPU 01"}]
["1.2",{"$f":"VLOOKUP($A82,$A$16:$J$63,2,FALSE)","v":"SERVIÇOS TOPOGRÁFICOS PARA PAVIMENTAÇÃO"},{"$f":"VLOOKUP($A82,$A$16:$J$63,3,FALSE)","v":"m²"},{"$f":"E76","v":781.59},{"$f":"VLOOKUP($A82,$A$16:$J$63,5,FALSE)","v":{"v":0.15000000000000002,"d":"R$ 0.15"}},{"$f":"VLOOKUP($A82,$A$16:$J$63,6,FALSE)","v":{"v":0.6,"d":"R$ 0.60"}},{"$f":"VLOOKUP($A82,$A$16:$J$63,7,FALSE)","v":{"v":0.75,"d":"R$ 0.75"}},{"$f":"J82-I82","v":{"v":117.24000000000007,"d":"R$ 117.24"}},{"$f":"TRUNC(D82*F82,2)","v":{"v":468.95,"d":"R$ 468.95"}},{"$f":"TRUNC(D82*G82,2)","v":{"v":586.19,"d":"R$ 586.19"}},{"$f":"VLOOKUP($A82,$A$16:$K$63,11,FALSE)","v":"CPU 02"}]
["1.3",{"$f":"VLOOKUP($A83,$A$16:$J$63,2,FALSE)","v":"MOBILIZAÇÃO E DESMOBILIZAÇÃO DE EQUIPAMENTOS"},{"$f":"VLOOKUP($A83,$A$16:$J$63,3,FALSE)","v":"unid"},{"v":1,"d":"1.00"},{"$f":"VLOOKUP($A83,$A$16:$J$63,5,FALSE)","v":{"v":2637.3999999999996,"d":"R$ 2,637.40"}},{"$f":"VLOOKUP($A83,$A$16:$J$63,6,FALSE)","v":{"v":659.34,"d":"R$ 659.34"}},{"$f":"VLOOKUP($A83,$A$16:$J$63,7,FALSE)","v":{"v":3296.74,"d":"R$ 3,296.74"}},{"$f":"J83-I83","v":{"v":2637.3999999999996,"d":"R$ 2,637.40"}},{"$f":"TRUNC(D83*F83,2)","v":{"v":659.34,"d":"R$ 659.34"}},{"$f":"TRUNC(D83*G83,2)","v":{"v":3296.74,"d":"R$ 3,296.74"}},{"$f":"VLOOKUP($A83,$A$16:$K$63,11,FALSE)","v":"CPU 03"}]
["1.4",{"$f":"VLOOKUP($A84,$A$16:$J$63,2,FALSE)","v":"ADMINISTRAÇÃO LOCAL DE OBRA"},{"$f":"VLOOKUP($A84,$A$16:$J$63,3,FALSE)","v":"mês"},{"v":1,"d":"1.00"},{"$f":"VLOOKUP($A84,$A$16:$J$63,5,FALSE)","v":{"v":2759.8999999999996,"d":"R$ 2,759.90"}},{"$f":"VLOOKUP($A84,$A$16:$J$63,6,FALSE)","v":{"v":11039.56,"d":"R$ 11,039.56"}},{"$f":"VLOOKUP($A84,$A$16:$J$63,7,FALSE)","v":{"v":13799.46,"d":"R$ 13,799.46"}},{"$f":"J84-I84","v":{"v":2759.8999999999996,"d":"R$ 2,759.90"}},{"$f":"TRUNC(D84*F84,2)","v":{"v":11039.56,"d":"R$ 11,039.56"}},{"$f":"TRUNC(D84*G84,2)","v":{"v":13799.46,"d":"R$ 13,799.46"}},{"$f":"VLOOKUP($A84,$A$16:$K$63,11,FALSE)","v":"CPU 04"}]
[{"$f":"CONCATENATE(\"TOTAL DO ITEM \",A80,\" - \",B80)","v":"TOTAL DO ITEM 1 - SERVIÇOS INICIAIS"},{"$nulls":6},{"$f":"SUM(H81:H84)","v":{"v":7841.74,"d":"R$ 7,841.74"}},{"$f":"SUM(I81:I84)","v":{"v":12749.65,"d":"R$ 12,749.65"}},{"$f":"SUM(J81:J84)","v":{"v":20591.39,"d":"R$ 20,591.39"}}]
[2,{"$f":"VLOOKUP($A86,$A$16:$J$63,2,FALSE)","v":"TERRAPLENAGEM"}]
["2.1",{"$f":"VLOOKUP($A87,$A$16:$J$63,2,FALSE)","v":"ESCAVAÇÃO HORIZONTAL, INCLUINDO CARGA, DESCARGA E TRANSPORTE EM SOLO DE 1A CATEGORIA COM TRATOR DE ESTEIRAS (125HP/LÂMINA: 2,70M3) E CAMINHÃO BASCULANTE DE 10M3, DMT ATÉ 200M. AF_07/2020"},{"$f":"VLOOKUP($A87,$A$16:$J$63,3,FALSE)","v":"m³"},170.04,{"$f":"VLOOKUP($A87,$A$16:$J$63,5,FALSE)","v":{"v":11.85,"d":"R$ 11.85"}},{"$f":"VLOOKUP($A87,$A$16:$J$63,6,FALSE)","v":{"v":2.25,"d":"R$ 2.25"}},{"$f":"VLOOKUP($A87,$A$16:$J$63,7,FALSE)","v":{"v":14.1,"d":"R$ 14.10"}},{"$f":"J87-I87","v":{"v":2014.97,"d":"R$ 2,014.97"}},{"$f":"TRUNC(D87*F87,2)","v":{"v":382.59,"d":"R$ 382.59"}},{"$f":"TRUNC(D87*G87,2)","v":{"v":2397.56,"d":"R$ 2,397.56"}},{"$f":"VLOOKUP($A87,$A$16:$K$63,11,FALSE)","v":101138}]
["2.2",{"$f":"VLOOKUP($A88,$A$16:$J$63,2,FALSE)","v":"TRANSPORTE COM CAMINHÃO BASCULANTE DE 10 M³, EM VIA URBANA EM REVESTIMENTO PRIMÁRIO, DMT 1,0 KM (UNIDADE: M3XKM). AF_07/2020"},{"$f":"VLOOKUP($A88,$A$16:$J$63,3,FALSE)","v":"m³ x km"},212.55,{"$f":"VLOOKUP($A88,$A$16:$J$63,5,FALSE)","v":{"v":2,"d":"R$ 2.00"}},{"$f":"VLOOKUP($A88,$A$16:$J$63,6,FALSE)","v":{"v":0.17,"d":"R$ 0.17"}},{"$f":"VLOOKUP($A88,$A$16:$J$63,7,FALSE)","v":{"v":2.17,"d":"R$ 2.17"}},{"$f":"J88-I88","v":{"v":425.1,"d":"R$ 425.10"}},{"$f":"TRUNC(D88*F88,2)","v":{"v":36.13,"d":"R$ 36.13"}},{"$f":"TRUNC(D88*G88,2)","v":{"v":461.23,"d":"R$ 461.23"}},{"$f":"VLOOKUP($A88,$A$16:$K$63,11,FALSE)","v":93589},{"$nulls":3},{"v":13.3,"d":"13.30"}]
["2.3",{"$f":"VLOOKUP($A89,$A$16:$J$63,2,FALSE)","v":"REMOÇÃO DE SOLOS MOLES PARA ATÉ 600 MCS"},{"$f":"VLOOKUP($A89,$A$16:$J$63,3,FALSE)","v":"m³"},{"v":30,"d":"30.00"},{"$f":"VLOOKUP($A89,$A$16:$J$63,5,FALSE)","v":{"v":10.86,"d":"R$ 10.86"}},{"$f":"VLOOKUP($A89,$A$16:$J$63,6,FALSE)","v":{"v":2.06,"d":"R$ 2.06"}},{"$f":"VLOOKUP($A89,$A$16:$J$63,7,FALSE)","v":{"v":12.92,"d":"R$ 12.92"}},{"$f":"J89-I89","v":{"v":325.8,"d":"R$ 325.80"}},{"$f":"TRUNC(D89*F89,2)","v":{"v":61.8,"d":"R$ 61.80"}},{"$f":"TRUNC(D89*G89,2)","v":{"v":387.6,"d":"R$ 387.60"}},{"$f":"VLOOKUP($A89,$A$16:$K$63,11,FALSE)","v":"sicro 5502927"}]
["2.4",{"$f":"VLOOKUP($A90,$A$16:$J$63,2,FALSE)","v":"AQUISIÇÃO DE ARGILA PROVENIENTE DE JAZIDA"},{"$f":"VLOOKUP($A90,$A$16:$J$63,3,FALSE)","v":"m³"},{"v":30,"d":"30.00"},{"$f":"VLOOKUP($A90,$A$16:$J$63,5,FALSE)","v":{"v":19.23,"d":"R$ 19.23"}},{"$f":"VLOOKUP($A90,$A$16:$J$63,6,FALSE)","v":{"v":3.66,"d":"R$ 3.66"}},{"$f":"VLOOKUP($A90,$A$16:$J$63,7,FALSE)","v":{"v":22.89,"d":"R$ 22.89"}},{"v":576.9000000000001,"d":"R$ 576.90"},{"v":109.8,"d":"R$ 109.80"},{"v":686.7,"d":"R$ 686.70"},{"$f":"VLOOKUP($A90,$A$16:$K$63,11,FALSE)","v":6077}]
["2.5",{"$f":"VLOOKUP($A91,$A$16:$J$63,2,FALSE)","v":"TRANSPORTE COM CAMINHÃO BASCULANTE DE 10 M³, EM VIA URBANA EM REVESTIMENTO PRIMÁRIO, DMT 15,40 KM (UNIDADE: M3XKM). AF_07/2020"},{"$f":"VLOOKUP($A91,$A$16:$J$63,3,FALSE)","v":"m³ x km"},{"$f":"ROUND(D90*1.25*$O$91,2)","v":{"v":577.5,"d":"577.50"}},{"$f":"VLOOKUP($A91,$A$16:$J$63,5,FALSE)","v":{"v":2,"d":"R$ 2.00"}},{"$f":"VLOOKUP($A91,$A$16:$J$63,6,FALSE)","v":{"v":0.17,"d":"R$ 0.17"}},{"$f":"VLOOKUP($A91,$A$16:$J$63,7,FALSE)","v":{"v":2.17,"d":"R$ 2.17"}},{"$f":"J91-I91","v":{"v":1155,"d":"R$ 1,155.00"}},{"$f":"TRUNC(D91*F91,2)","v":{"v":98.17,"d":"R$ 98.17"}},{"$f":"TRUNC(D91*G91,2)","v":{"v":1253.17,"d":"R$ 1,253.17"}},{"$f":"VLOOKUP($A91,$A$16:$K$63,11,FALSE)","v":93589},{"$nulls":3},{"v":15.4,"d":"15.40"}]
["2.6",{"$f":"VLOOKUP($A92,$A$16:$J$63,2,FALSE)","v":"EXECUÇÃO E COMPACTAÇÃO DE ATERRO COM SOLO PREDOMINANTEMENTE ARGILOSO - EXCLUSIVE SOLO, ESCAVAÇÃO, CARGA E TRANSPORTE. AF_11/2019"},{"$f":"VLOOKUP($A92,$A$16:$J$63,3,FALSE)","v":"m³"},{"v":30,"d":"30.00"},{"$f":"VLOOKUP($A92,$A$16:$J$63,5,FALSE)","v":{"v":10.329999999999998,"d":"R$ 10.33"}},{"$f":"VLOOKUP($A92,$A$16:$J$63,6,FALSE)","v":{"v":1.96,"d":"R$ 1.96"}},{"$f":"VLOOKUP($A92,$A$16:$J$63,7,FALSE)","v":{"v":12.29,"d":"R$ 12.29"}},{"v":309.9,"d":"R$ 309.90"},{"v":58.8,"d":"R$ 58.80"},{"v":368.7,"d":"R$ 368.70"},{"$f":"VLOOKUP($A92,$A$16:$K$63,11,FALSE)","v":96385}]
["2.7",{"$f":"VLOOKUP($A93,$A$16:$J$63,2,FALSE)","v":"REGULARIZAÇÃO E COMPACTAÇÃO DE SUBLEITO DE SOLO PREDOMINANTEMENTE ARGILOSO. AF_11/2019"},{"$f":"VLOOKUP($A93,$A$16:$J$63,3,FALSE)","v":"m²"},{"v":1001.59,"d":"1,001.59"},{"$f":"VLOOKUP($A93,$A$16:$J$63,5,FALSE)","v":{"v":2.22,"d":"R$ 2.22"}},{"$f":"VLOOKUP($A93,$A$16:$J$63,6,FALSE)","v":{"v":0.42,"d":"R$ 0.42"}},{"$f":"VLOOKUP($A93,$A$16:$J$63,7,FALSE)","v":{"v":2.64,"d":"R$ 2.64"}},{"v":2223.53,"d":"R$ 2,223.53"},{"$f":"TRUNC(D93*F93,2)","v":{"v":420.66,"d":"R$ 420.66"}},{"$f":"TRUNC(D93*G93,2)","v":{"v":2644.19,"d":"R$ 2,644.19"}},{"$f":"VLOOKUP($A93,$A$16:$K$63,11,FALSE)","v":100576}]
[{"$f":"CONCATENATE(\"TOTAL DO ITEM \",A86,\" - \",B86)","v":"TOTAL DO ITEM 2 - TERRAPLENAGEM"},{"$nulls":6},{"$f":"SUM(H87:H93)","v":{"v":7031.200000000001,"d":"R$ 7,031.20"}},{"$f":"SUM(I87:I93)","v":{"v":1167.9499999999998,"d":"R$ 1,167.95"}},{"$f":"SUM(J87:J93)","v":{"v":8199.15,"d":"R$ 8,199.15"}}]
[3,{"$f":"VLOOKUP($A95,$A$16:$J$63,2,FALSE)","v":"DRENAGEM"}]
["3.1",{"$f":"VLOOKUP($A96,$A$16:$J$63,2,FALSE)","v":"ESCAVAÇÃO MECANIZADA DE VALA COM PROF. ATÉ 1,5 M(MÉDIA ENTRE MONTANTE E JUSANTE/UMA COMPOSIÇÃO POR TRECHO), COM ESCAVADEIRA HIDRÁULICA (0,8 M3), LARG. DE 1,5M A 2,5 M, EM SOLO DE 1A CATEGORIA, LOCAIS COM BAIXO NÍVEL DE INTERFERÊNCIA. AF_02/2021"},{"$f":"VLOOKUP($A96,$A$16:$J$63,3,FALSE)","v":"m³"},{"v":9.6,"d":"9.60"},{"$f":"VLOOKUP($A96,$A$16:$J$63,5,FALSE)","v":{"v":6.2,"d":"R$ 6.20"}},{"$f":"VLOOKUP($A96,$A$16:$J$63,6,FALSE)","v":{"v":1.17,"d":"R$ 1.17"}},{"$f":"VLOOKUP($A96,$A$16:$J$63,7,FALSE)","v":{"v":7.37,"d":"R$ 7.37"}},{"$f":"J96-I96","v":{"v":59.519999999999996,"d":"R$ 59.52"}},{"$f":"TRUNC(D96*F96,2)","v":{"v":11.23,"d":"R$ 11.23"}},{"$f":"TRUNC(D96*G96,2)","v":{"v":70.75,"d":"R$ 70.75"}},{"$f":"VLOOKUP($A96,$A$16:$K$63,11,FALSE)","v":90106}]
["3.2",{"$f":"VLOOKUP($A97,$A$16:$J$63,2,FALSE)","v":"TRANSPORTE COM CAMINHÃO BASCULANTE DE 10 M³, EM VIA URBANA EM REVESTIMENTO PRIMÁRIO, DMT 13,30 KM (UNIDADE: M3XKM). AF_07/2020"},{"$f":"VLOOKUP($A97,$A$16:$J$63,3,FALSE)","v":"m³ x km"},2.26,{"$f":"VLOOKUP($A97,$A$16:$J$63,5,FALSE)","v":{"v":2,"d":"R$ 2.00"}},{"$f":"VLOOKUP($A97,$A$16:$J$63,6,FALSE)","v":{"v":0.17,"d":"R$ 0.17"}},{"$f":"VLOOKUP($A97,$A$16:$J$63,7,FALSE)","v":{"v":2.17,"d":"R$ 2.17"}},{"v":4.5200000000000005,"d":"R$ 4.52"},{"v":0.38,"d":"R$ 0.38"},{"v":4.9,"d":"R$ 4.90"},{"$f":"VLOOKUP($A97,$A$16:$K$63,11,FALSE)","v":93589},{"$nulls":3},{"v":13.3,"d":"13.30"}]
["3.3",{"$f":"VLOOKUP($A98,$A$16:$J$63,2,FALSE)","v":"LASTRO DE BRITA PARA ASSENTAMENTO DOS TUBOS, EXCLUSIVE TRANPORTE"},{"$f":"VLOOKUP($A98,$A$16:$J$63,3,FALSE)","v":"m³"},{"v":1,"d":"1.00"},{"$f":"VLOOKUP($A98,$A$16:$J$63,5,FALSE)","v":{"v":103.81,"d":"R$ 103.81"}},{"$f":"VLOOKUP($A98,$A$16:$J$63,6,FALSE)","v":{"v":19.77,"d":"R$ 19.77"}},{"$f":"VLOOKUP($A98,$A$16:$J$63,7,FALSE)","v":{"v":123.58,"d":"R$ 123.58"}},{"v":103.81,"d":"R$ 103.81"},{"v":19.77,"d":"R$ 19.77"},{"v":123.58,"d":"R$ 123.58"},{"$f":"VLOOKUP($A98,$A$16:$K$63,11,FALSE)","v":96624}]
["3.4",{"$f":"VLOOKUP($A99,$A$16:$J$63,2,FALSE)","v":"TRANSPORTE COM CAMINHÃO BASCULANTE DE 10 M³, EM VIA URBANA PAVIMENTADA, DMT 26,30 KM (UNIDADE: M3XKM). AF_07/2020"},{"$f":"VLOOKUP($A99,$A$16:$J$63,3,FALSE)","v":"m³ x km"},29.72,{"$f":"VLOOKUP($A99,$A$16:$J$63,5,FALSE)","v":{"v":2,"d":"R$ 2.00"}},{"$f":"VLOOKUP($A99,$A$16:$J$63,6,FALSE)","v":{"v":0.17,"d":"R$ 0.17"}},{"$f":"VLOOKUP($A99,$A$16:$J$63,7,FALSE)","v":{"v":2.17,"d":"R$ 2.17"}},{"v":59.44,"d":"R$ 59.44"},{"v":5.05,"d":"R$ 5.05"},{"v":64.49,"d":"R$ 64.49"},{"$f":"VLOOKUP($A99,$A$16:$K$63,11,FALSE)","v":95875},{"$nulls":3},{"v":26.3,"d":"26.30"}]
["3.5",{"$f":"VLOOKUP($A100,$A$16:$J$63,2,FALSE)","v":"TUBO DE CONCRETO SIMPLES PARA AGUAS PLUVIAIS, CLASSE PS-1, COM ENCAIXE MACHO FÊMEA, DIAMETRO NOMINAL DE 400 MM"},{"$f":"VLOOKUP($A100,$A$16:$J$63,3,FALSE)","v":"m"},0,{"$f":"VLOOKUP($A100,$A$16:$J$63,5,FALSE)","v":{"v":57.74,"d":"R$ 57.74"}},{"$f":"VLOOKUP($A100,$A$16:$J$63,6,FALSE)","v":0},{"$f":"VLOOKUP($A100,$A$16:$J$63,7,FALSE)","v":{"v":57.74,"d":"R$ 57.74"}},{"$f":"J100-I100","v":0},{"$f":"TRUNC(D100*F100,2)","v":0},{"$f":"TRUNC(D100*G100,2)","v":0},{"$f":"VLOOKUP($A100,$A$16:$K$63,11,FALSE)","v":37451}]
["3.6",{"$f":"VLOOKUP($A101,$A$16:$J$63,2,FALSE)","v":"TUBO DE CONCRETO ARMADO PARA AGUAS PLUVIAIS, CLASSE PA-1, COM ENCAIXE MACHO FÊMEA, DIAMETRO NOMINAL DE 400 MM"},{"$f":"VLOOKUP($A101,$A$16:$J$63,3,FALSE)","v":"m"},{"v":10,"d":"10.00"},{"$f":"VLOOKUP($A101,$A$16:$J$63,5,FALSE)","v":{"v":118.76,"d":"R$ 118.76"}},{"$f":"VLOOKUP($A101,$A$16:$J$63,6,FALSE)","v":0},{"$f":"VLOOKUP($A101,$A$16:$J$63,7,FALSE)","v":{"v":118.76,"d":"R$ 118.76"}},{"v":1187.6,"d":"R$ 1,187.60"},0,{"v":1187.6,"d":"R$ 1,187.60"},{"$f":"VLOOKUP($A101,$A$16:$K$63,11,FALSE)","v":7745}]
["3.7",{"$f":"VLOOKUP($A102,$A$16:$J$63,2,FALSE)","v":"ASSENTAMENTO DE TUBO DE CONCRETO PARA REDES COLETORAS DE ÁGUAS PLUVIAIS, DIÂMETRO DE 400 MM, JUNTA RÍGIDA, INSTALADO EM LOCAL COM BAIXO NÍVEL DE INTERFERÊNCIAS (NÃO INCLUI FORNECIMENTO). AF_12/2015"},{"$f":"VLOOKUP($A102,$A$16:$J$63,3,FALSE)","v":"m"},{"$f":"ROUND(D100+D101,2)","v":{"v":10,"d":"10.00"}},{"$f":"VLOOKUP($A102,$A$16:$J$63,5,FALSE)","v":0},{"$f":"VLOOKUP($A102,$A$16:$J$63,6,FALSE)","v":{"v":58.08,"d":"R$ 58.08"}},{"$f":"VLOOKUP($A102,$A$16:$J$63,7,FALSE)","v":{"v":58.08,"d":"R$ 58.08"}},{"$f":"J102-I102","v":0},{"$f":"TRUNC(D102*F102,2)","v":{"v":580.8,"d":"R$ 580.80"}},{"$f":"TRUNC(D102*G102,2)","v":{"v":580.8,"d":"R$ 580.80"}},{"$f":"VLOOKUP($A102,$A$16:$K$63,11,FALSE)","v":92809}]
["3.8",{"$f":"VLOOKUP($A103,$A$16:$J$63,2,FALSE)","v":"REATERRO MECANIZADO DE VALA COM ESCAVADEIRA HIDRÁULICA (CAPACIDADE DA CAÇAMBA: 0,8 M³ / POTÊNCIA: 111 HP), LARGURA ATÉ 1,5 M, PROFUNDIDADE DE 1,5 A 3,0 M, COM SOLO DE 1ª CATEGORIA EM LOCAIS COM BAIXO NÍVEL DE INTERFERÊNCIA. AF_04/2016"},{"$f":"VLOOKUP($A103,$A$16:$J$63,3,FALSE)","v":"m³"},{"$f":"ROUND(D96-(D100*0.181+D101*0.181),2)","v":7.79},{"$f":"VLOOKUP($A103,$A$16:$J$63,5,FALSE)","v":{"v":19.64,"d":"R$ 19.64"}},{"$f":"VLOOKUP($A103,$A$16:$J$63,6,FALSE)","v":{"v":3.74,"d":"R$ 3.74"}},{"$f":"VLOOKUP($A103,$A$16:$J$63,7,FALSE)","v":{"v":23.38,"d":"R$ 23.38"}},{"$f":"J103-I103","v":{"v":153,"d":"R$ 153.00"}},{"$f":"TRUNC(D103*F103,2)","v":{"v":29.13,"d":"R$ 29.13"}},{"$f":"TRUNC(D103*G103,2)","v":{"v":182.13,"d":"R$ 182.13"}},{"$f":"VLOOKUP($A103,$A$16:$K$63,11,FALSE)","v":93368}]
["3.9",{"$f":"VLOOKUP($A104,$A$16:$J$63,2,FALSE)","v":"CAIXA COLETORA COM PAREDES EM PEDRA GRÊS, 0,80x0,80, COM FUNDO E TAMPA DE CONCRETO"},{"$f":"VLOOKUP($A104,$A$16:$J$63,3,FALSE)","v":"unid"},{"v":2,"d":"2.00"},{"$f":"VLOOKUP($A104,$A$16:$J$63,5,FALSE)","v":{"v":1557.52,"d":"R$ 1,557.52"}},{"$f":"VLOOKUP($A104,$A$16:$J$63,6,FALSE)","v":{"v":296.66,"d":"R$ 296.66"}},{"$f":"VLOOKUP($A104,$A$16:$J$63,7,FALSE)","v":{"v":1854.18,"d":"R$ 1,854.18"}},{"$f":"J104-I104","v":{"v":3115.04,"d":"R$ 3,115.04"}},{"$f":"TRUNC(D104*F104,2)","v":{"v":593.32,"d":"R$ 593.32"}},{"$f":"TRUNC(D104*G104,2)","v":{"v":3708.36,"d":"R$ 3,708.36"}},{"$f":"VLOOKUP($A104,$A$16:$K$63,11,FALSE)","v":"CPU 09"}]
[{"$f":"CONCATENATE(\"TOTAL DO ITEM \",A95,\" - \",B95)","v":"TOTAL DO ITEM 3 - DRENAGEM"},{"$nulls":6},{"$f":"SUM(H96:H104)","v":{"v":4682.93,"d":"R$ 4,682.93"}},{"$f":"SUM(I96:I104)","v":{"v":1239.6799999999998,"d":"R$ 1,239.68"}},{"v":5922.610000000001,"d":"R$ 5,922.61"}]
[4,{"$f":"VLOOKUP($A106,$A$16:$J$63,2,FALSE)","v":"PAVIMENTAÇÃO"}]
["4.1",{"$f":"VLOOKUP($A107,$A$16:$J$63,2,FALSE)","v":"EXECUÇÃO E COMPACTAÇÃO DE BASE E OU SUB BASE PARA PAVIMENTAÇÃO DE MACADAME SECO (E = 15 CM) - EXCLUSIVE CARGA E TRANSPORTE. AF_11/2019"},{"$f":"VLOOKUP($A107,$A$16:$J$63,3,FALSE)","v":"m³"},137.04,{"$f":"VLOOKUP($A107,$A$16:$J$63,5,FALSE)","v":{"v":109.35000000000001,"d":"R$ 109.35"}},{"$f":"VLOOKUP($A107,$A$16:$J$63,6,FALSE)","v":{"v":14.91,"d":"R$ 14.91"}},{"$f":"VLOOKUP($A107,$A$16:$J$63,7,FALSE)","v":{"v":124.26,"d":"R$ 124.26"}},{"$f":"J107-I107","v":{"v":14985.33,"d":"R$ 14,985.33"}},{"$f":"TRUNC(D107*F107,2)","v":{"v":2043.26,"d":"R$ 2,043.26"}},{"$f":"TRUNC(D107*G107,2)","v":{"v":17028.59,"d":"R$ 17,028.59"}},{"$f":"VLOOKUP($A107,$A$16:$K$63,11,FALSE)","v":96400}]
["4.2",{"$f":"VLOOKUP($A108,$A$16:$J$63,2,FALSE)","v":"TRANSPORTE COM CAMINHÃO BASCULANTE DE 10 M³, EM VIA URBANA PAVIMENTADA , DMT 26,30 KM (UNIDADE: M3XKM). AF_07/2020"},{"$f":"VLOOKUP($A108,$A$16:$J$63,3,FALSE)","v":"m³ x km"},{"$f":"ROUND(D107*1.1*$O$108,2)","v":{"v":3964.57,"d":"3,964.57"}},{"$f":"VLOOKUP($A108,$A$16:$J$63,5,FALSE)","v":{"v":1.8499999999999999,"d":"R$ 1.85"}},{"$f":"VLOOKUP($A108,$A$16:$J$63,6,FALSE)","v":{"v":0.16,"d":"R$ 0.16"}},{"$f":"VLOOKUP($A108,$A$16:$J$63,7,FALSE)","v":{"v":2.01,"d":"R$ 2.01"}},{"v":7334.45,"d":"R$ 7,334.45"},{"v":634.33,"d":"R$ 634.33"},{"v":7968.78,"d":"R$ 7,968.78"},{"$f":"VLOOKUP($A108,$A$16:$K$63,11,FALSE)","v":95875},{"$nulls":3},{"v":26.3,"d":"26.30"}]
["4.3",{"$f":"VLOOKUP($A109,$A$16:$J$63,2,FALSE)","v":"EXECUÇÃO E COMPACTAÇÃO DE BASE E OU SUB BASE PARA PAVIMENTAÇÃO DE BRITA GRADUADA SIMPLES (E = 15 CM) - EXCLUSIVE CARGA E TRANSPORTE. AF_11/2019"},{"$f":"VLOOKUP($A109,$A$16:$J$63,3,FALSE)","v":"m³"},127.14,{"$f":"VLOOKUP($A109,$A$16:$J$63,5,FALSE)","v":{"v":120.35,"d":"R$ 120.35"}},{"$f":"VLOOKUP($A109,$A$16:$J$63,6,FALSE)","v":{"v":16.41,"d":"R$ 16.41"}},{"$f":"VLOOKUP($A109,$A$16:$J$63,7,FALSE)","v":{"v":136.76,"d":"R$ 136.76"}},{"v":15301.3,"d":"R$ 15,301.30"},{"v":2086.36,"d":"R$ 2,086.36"},{"v":17387.66,"d":"R$ 17,387.66"},{"$f":"VLOOKUP($A109,$A$16:$K$63,11,FALSE)","v":96396}]
["4.4",{"$f":"VLOOKUP($A110,$A$16:$J$63,2,FALSE)","v":"TRANSPORTE COM CAMINHÃO BASCULANTE DE 10 M³, EM VIA URBANA PAVIMENTADA , DMT 26,30 KM (UNIDADE: M3XKM). AF_07/2020"},{"$f":"VLOOKUP($A110,$A$16:$J$63,3,FALSE)","v":"m³ x km"},{"$f":"ROUND(D109*1.45*$O$110,2)","v":{"v":4848.48,"d":"4,848.48"}},{"$f":"VLOOKUP($A110,$A$16:$J$63,5,FALSE)","v":{"v":1.8499999999999999,"d":"R$ 1.85"}},{"$f":"VLOOKUP($A110,$A$16:$J$63,6,FALSE)","v":{"v":0.16,"d":"R$ 0.16"}},{"$f":"VLOOKUP($A110,$A$16:$J$63,7,FALSE)","v":{"v":2.01,"d":"R$ 2.01"}},{"v":8969.69,"d":"R$ 8,969.69"},{"v":775.75,"d":"R$ 775.75"},{"v":9745.44,"d":"R$ 9,745.44"},{"$f":"VLOOKUP($A110,$A$16:$K$63,11,FALSE)","v":95875},{"$nulls":3},{"v":26.3,"d":"26.30"}]
["4.5",{"$f":"VLOOKUP($A111,$A$16:$J$63,2,FALSE)","v":"IMPRIMAÇÃO COM CM-30, INCLUSIVE ASFALTO E TRANSPORTE, TAXA= 0,8 L/M² A 1,6 L/M²"},{"$f":"VLOOKUP($A111,$A$16:$J$63,3,FALSE)","v":"m²"},847.59,{"$f":"VLOOKUP($A111,$A$16:$J$63,5,FALSE)","v":{"v":10.36,"d":"R$ 10.36"}},{"$f":"VLOOKUP($A111,$A$16:$J$63,6,FALSE)","v":{"v":1.15,"d":"R$ 1.15"}},{"$f":"VLOOKUP($A111,$A$16:$J$63,7,FALSE)","v":{"v":11.51,"d":"R$ 11.51"}},{"v":8781.04,"d":"R$ 8,781.04"},{"v":974.72,"d":"R$ 974.72"},{"v":9755.76,"d":"R$ 9,755.76"},{"$f":"VLOOKUP($A111,$A$16:$K$63,11,FALSE)","v":"CPU 05 (96401)"}]
["4.6",{"$f":"VLOOKUP($A112,$A$16:$J$63,2,FALSE)","v":"EXECUÇÃO DE PINTURA DE LIGAÇÃO COM EMULSÃO ASFÁLTICA RR-2C. AF_11/2019"},{"$f":"VLOOKUP($A112,$A$16:$J$63,3,FALSE)","v":"m²"},781.59,{"$f":"VLOOKUP($A112,$A$16:$J$63,5,FALSE)","v":{"v":3.1100000000000003,"d":"R$ 3.11"}},{"$f":"VLOOKUP($A112,$A$16:$J$63,6,FALSE)","v":{"v":0.34,"d":"R$ 0.34"}},{"$f":"VLOOKUP($A112,$A$16:$J$63,7,FALSE)","v":{"v":3.45,"d":"R$ 3.45"}},{"v":2430.74,"d":"R$ 2,430.74"},{"v":265.74,"d":"R$ 265.74"},{"v":2696.48,"d":"R$ 2,696.48"},{"$f":"VLOOKUP($A112,$A$16:$K$63,11,FALSE)","v":"CPU 06 (96402)"}]
["4.7",{"$f":"VLOOKUP($A113,$A$16:$J$63,2,FALSE)","v":"CONCRETO BETUMINOSO USINADO QUENTE (C.B.U.Q.), FORNECIMENTO E EXECUÇÃO (E= 4 CM)"},{"$f":"VLOOKUP($A113,$A$16:$J$63,3,FALSE)","v":"m³"},{"$f":"D112*0.04","v":{"v":31.2636,"d":"31.26"}},{"$f":"VLOOKUP($A113,$A$16:$J$63,5,FALSE)","v":{"v":1491.71,"d":"R$ 1,491.71"}},{"$f":"VLOOKUP($A113,$A$16:$J$63,6,FALSE)","v":{"v":165.74,"d":"R$ 165.74"}},{"$f":"VLOOKUP($A113,$A$16:$J$63,7,FALSE)","v":{"v":1657.45,"d":"R$ 1,657.45"}},{"v":46636.229999999996,"d":"R$ 46,636.23"},{"v":5181.62,"d":"R$ 5,181.62"},{"v":51817.85,"d":"R$ 51,817.85"},{"$f":"VLOOKUP($A113,$A$16:$K$63,11,FALSE)","v":"CPU 07 (95995)"}]
["4.8",{"$f":"VLOOKUP($A114,$A$16:$J$63,2,FALSE)","v":"TRANSPORTE COM CAMINHÃO BASCULANTE DE 10 M³, EM VIA URBANA PAVIMENTADA , DMT 26,30 KM (UNIDADE: M3XKM). AF_07/2020"},{"$f":"VLOOKUP($A114,$A$16:$J$63,3,FALSE)","v":"m³ x km"},{"$f":"ROUND(D113*1.45*$O$114,2)","v":{"v":1192.24,"d":"1,192.24"}},{"$f":"VLOOKUP($A114,$A$16:$J$63,5,FALSE)","v":{"v":1.8499999999999999,"d":"R$ 1.85"}},{"$f":"VLOOKUP($A114,$A$16:$J$63,6,FALSE)","v":{"v":0.16,"d":"R$ 0.16"}},{"$f":"VLOOKUP($A114,$A$16:$J$63,7,FALSE)","v":{"v":2.01,"d":"R$ 2.01"}},{"$f":"J114-I114","v":{"v":2205.65,"d":"R$ 2,205.65"}},{"$f":"TRUNC(D114*F114,2)","v":{"v":190.75,"d":"R$ 190.75"}},{"$f":"TRUNC(D114*G114,2)","v":{"v":2396.4,"d":"R$ 2,396.40"}},{"$f":"VLOOKUP($A114,$A$16:$K$63,11,FALSE)","v":95875},{"$nulls":3},{"v":26.3,"d":"26.30"}]
[{"$f":"CONCATENATE(\"TOTAL DO ITEM \",A106,\" - \",B106)","v":"TOTAL DO ITEM 4 - PAVIMENTAÇÃO"},{"$nulls":6},{"$f":"SUM(H107:H114)","v":{"v":106644.43,"d":"R$ 106,644.43"}},{"$f":"SUM(I107:I114)","v":{"v":12152.53,"d":"R$ 12,152.53"}},{"$f":"SUM(J107:J114)","v":{"v":118796.95999999999,"d":"R$ 118,796.96"}}]
[5,{"$f":"VLOOKUP($A116,$A$16:$J$63,2,FALSE)","v":"SINALIZAÇÃO"}]
["5.1",{"$f":"VLOOKUP($A117,$A$16:$J$63,2,FALSE)","v":"LIMPEZA DA SUPERFÍCIE PARA APLICAÇÃO DE SINALIZAÇÃO"},{"$f":"VLOOKUP($A117,$A$16:$J$63,3,FALSE)","v":"m²"},{"v":61.2,"d":"61.20"},{"$f":"VLOOKUP($A117,$A$16:$J$63,5,FALSE)","v":{"v":1.66,"d":"R$ 1.66"}},{"$f":"VLOOKUP($A117,$A$16:$J$63,6,FALSE)","v":{"v":0.33,"d":"R$ 0.33"}},{"$f":"VLOOKUP($A117,$A$16:$J$63,7,FALSE)","v":{"v":1.99,"d":"R$ 1.99"}},{"$f":"J117-I117","v":{"v":101.59,"d":"R$ 101.59"}},{"$f":"TRUNC(D117*F117,2)","v":{"v":20.19,"d":"R$ 20.19"}},{"$f":"TRUNC(D117*G117,2)","v":{"v":121.78,"d":"R$ 121.78"}},{"$f":"VLOOKUP($A117,$A$16:$K$63,11,FALSE)","v":99814}]
["5.2",{"$f":"VLOOKUP($A118,$A$16:$J$63,2,FALSE)","v":"SINALIZAÇÃO HORIZONTAL TINTA ACRÍLICA, COR AMARELA OU BRANCA (L= 12 CM)"},{"$f":"VLOOKUP($A118,$A$16:$J$63,3,FALSE)","v":"m²"},{"v":39.6,"d":"39.60"},{"$f":"VLOOKUP($A118,$A$16:$J$63,5,FALSE)","v":{"v":28.480000000000004,"d":"R$ 28.48"}},{"$f":"VLOOKUP($A118,$A$16:$J$63,6,FALSE)","v":{"v":5.83,"d":"R$ 5.83"}},{"$f":"VLOOKUP($A118,$A$16:$J$63,7,FALSE)","v":{"v":34.31,"d":"R$ 34.31"}},{"$f":"J118-I118","v":{"v":1127.81,"d":"R$ 1,127.81"}},{"$f":"TRUNC(D118*F118,2)","v":{"v":230.86,"d":"R$ 230.86"}},{"$f":"TRUNC(D118*G118,2)","v":{"v":1358.67,"d":"R$ 1,358.67"}},{"$f":"VLOOKUP($A118,$A$16:$K$63,11,FALSE)","v":"sicro 5213401"}]
["5.3",{"$f":"VLOOKUP($A119,$A$16:$J$63,2,FALSE)","v":"SINALIZAÇÃO HORIZONTAL ÁREAS ESPECIAIS"},{"$f":"VLOOKUP($A119,$A$16:$J$63,3,FALSE)","v":"m²"},{"v":21.6,"d":"21.60"},{"$f":"VLOOKUP($A119,$A$16:$J$63,5,FALSE)","v":{"v":40.97,"d":"R$ 40.97"}},{"$f":"VLOOKUP($A119,$A$16:$J$63,6,FALSE)","v":{"v":8.39,"d":"R$ 8.39"}},{"$f":"VLOOKUP($A119,$A$16:$J$63,7,FALSE)","v":{"v":49.36,"d":"R$ 49.36"}},{"v":884.95,"d":"R$ 884.95"},{"v":181.22,"d":"R$ 181.22"},{"v":1066.17,"d":"R$ 1,066.17"},{"$f":"VLOOKUP($A119,$A$16:$K$63,11,FALSE)","v":"sicro 5213405"}]
["5.4",{"$f":"VLOOKUP($A120,$A$16:$J$63,2,FALSE)","v":"PLACA TIPO R01-REGULAMENTAÇÃO (PARADA OBRIGATÓRIA) - SUPORTE METÁLICO H= 2,20M, L = 33 CM"},{"$f":"VLOOKUP($A120,$A$16:$J$63,3,FALSE)","v":"unid"},{"v":1,"d":"1.00"},{"$f":"VLOOKUP($A120,$A$16:$J$63,5,FALSE)","v":{"v":569.09,"d":"R$ 569.09"}},{"$f":"VLOOKUP($A120,$A$16:$J$63,6,FALSE)","v":{"v":116.55,"d":"R$ 116.55"}},{"$f":"VLOOKUP($A120,$A$16:$J$63,7,FALSE)","v":{"v":685.64,"d":"R$ 685.64"}},{"$f":"J120-I120","v":{"v":569.09,"d":"R$ 569.09"}},{"$f":"TRUNC(D120*F120,2)","v":{"v":116.55,"d":"R$ 116.55"}},{"$f":"TRUNC(D120*G120,2)","v":{"v":685.64,"d":"R$ 685.64"}},{"$f":"VLOOKUP($A120,$A$16:$K$63,11,FALSE)","v":"34723+21014"}]
["5.5",{"$f":"VLOOKUP($A121,$A$16:$J$63,2,FALSE)","v":"PLACA TIPO A-32b PASSAGEM DE PEDESTRES  - SUPORTE METÁLICO H = 2,20M, L = 50 CM"},{"$f":"VLOOKUP($A121,$A$16:$J$63,3,FALSE)","v":"unid"},{"v":2,"d":"2.00"},{"$f":"VLOOKUP($A121,$A$16:$J$63,5,FALSE)","v":{"v":569.09,"d":"R$ 569.09"}},{"$f":"VLOOKUP($A121,$A$16:$J$63,6,FALSE)","v":{"v":116.55,"d":"R$ 116.55"}},{"$f":"VLOOKUP($A121,$A$16:$J$63,7,FALSE)","v":{"v":685.64,"d":"R$ 685.64"}},{"v":1138.18,"d":"R$ 1,138.18"},{"v":233.1,"d":"R$ 233.10"},{"v":1371.28,"d":"R$ 1,371.28"},{"$f":"VLOOKUP($A121,$A$16:$K$63,11,FALSE)","v":"34723+21014"}]
["5.6",{"$f":"VLOOKUP($A122,$A$16:$J$63,2,FALSE)","v":"PLACA TIPO R19-REGULAMENTAÇÃO (VELOCIDADE MÁXIMA)  - SUPORTE METÁLICO H= 2,20M, DIAM = 50 CM"},{"$f":"VLOOKUP($A122,$A$16:$J$63,3,FALSE)","v":"unid"},{"v":1,"d":"1.00"},{"$f":"VLOOKUP($A122,$A$16:$J$63,5,FALSE)","v":{"v":542.29,"d":"R$ 542.29"}},{"$f":"VLOOKUP($A122,$A$16:$J$63,6,FALSE)","v":{"v":111.07,"d":"R$ 111.07"}},{"$f":"VLOOKUP($A122,$A$16:$J$63,7,FALSE)","v":{"v":653.36,"d":"R$ 653.36"}},{"v":542.29,"d":"R$ 542.29"},{"v":111.07,"d":"R$ 111.07"},{"v":653.36,"d":"R$ 653.36"},{"$f":"VLOOKUP($A122,$A$16:$K$63,11,FALSE)","v":"34723+21014"}]
["5.7",{"$f":"VLOOKUP($A123,$A$16:$J$63,2,FALSE)","v":"TACHA BIDIRECIONAL"},{"$f":"VLOOKUP($A123,$A$16:$J$63,3,FALSE)","v":"unid"},{"v":21,"d":"21.00"},{"$f":"VLOOKUP($A123,$A$16:$J$63,5,FALSE)","v":{"v":23.96,"d":"R$ 23.96"}},{"$f":"VLOOKUP($A123,$A$16:$J$63,6,FALSE)","v":{"v":4.9,"d":"R$ 4.90"}},{"$f":"VLOOKUP($A123,$A$16:$J$63,7,FALSE)","v":{"v":28.86,"d":"R$ 28.86"}},{"$f":"J123-I123","v":{"v":503.15999999999997,"d":"R$ 503.16"}},{"$f":"TRUNC(D123*F123,2)","v":{"v":102.9,"d":"R$ 102.90"}},{"$f":"TRUNC(D123*G123,2)","v":{"v":606.06,"d":"R$ 606.06"}},{"$f":"VLOOKUP($A123,$A$16:$K$63,11,FALSE)","v":"sicro 5219606"}]
[{"$f":"CONCATENATE(\"TOTAL DO ITEM \",A116,\" - \",B116)","v":"TOTAL DO ITEM 5 - SINALIZAÇÃO"},{"$nulls":6},{"$f":"SUM(H117:H123)","v":{"v":4867.07,"d":"R$ 4,867.07"}},{"$f":"SUM(I117:I123)","v":{"v":995.89,"d":"R$ 995.89"}},{"$f":"SUM(J117:J123)","v":{"v":5862.959999999999,"d":"R$ 5,862.96"}}]
[{"$f":"CONCATENATE(\"TOTAL ORÇAMENTO - \",B73)","v":"TOTAL ORÇAMENTO - LINHA SÍTIO - RUA DA ESCOLA"},{"$nulls":6},{"$f":"H85+H94+H105+H115+H124","v":{"v":131067.37,"d":"R$ 131,067.37"}},{"$f":"I85+I94+I105+I115+I124","v":{"v":28305.699999999997,"d":"R$ 28,305.70"}},{"$f":"J85+J94+J105+J115+J124","v":{"v":159373.06999999998,"d":"R$ 159,373.07"}}]
[{"$f":"A64","v":"BDI ADOTADO = 24,23%"}]
["Ref: SICRO JAN/21"]
["SINAPI AGOSTO/21"]
[]
[null,{"$f":"$B$68","v":"Eng. Civil Lorenzo Schnorr Fornari"},{"$nulls":3},{"$f":"$F$68","v":"Prefeitura Municipal"}]
[null,{"$f":"$B$69","v":"CREA RS247702"},{"$nulls":3},{"$f":"$F$69","v":"de Cruzeiro do Sul/RS"}]
[]
[]
[]
["LOCAL:","LINHA SÍTIO - RUA DA IGREJA",null,"EXTENSÃO:",{"v":85,"d":"85.00"},"m"]
["TRECHO: ","ENTRE A CASA MORTUÁRIA E PASSANDO A RUA DA ESCOLA",null,"LARGURA:",{"v":7,"d":"7.00"},"m"]
[{"$nulls":3},"ALARGAMENTO:",0,"m²"]
[{"$nulls":3},"ÁREA:",{"$f":"ROUND(E135*E136,2)+E137","v":{"v":595,"d":"595.00"}},"m²"]
["ITEM","SERVIÇOS","UNID.","QUANTIDADE","MATERIAL","MÃO DE OBRA","TOTAL UNIT.","MATERIAL","MÃO DE OBRA","TOTAL","REF. TÉCNICA \nSINAPI AGO/2021\nSICRO JAN/21"]
[]
[]
[1,{"$f":"VLOOKUP($A142,$A$16:$J$63,2,FALSE)","v":"SERVIÇOS INICIAIS"}]
["1.1",{"$f":"VLOOKUP($A143,$A$16:$J$63,2,FALSE)","v":"IMPLANTAÇÃO DE PLACA DE OBRA (1,20X2,40M)"},{"$f":"VLOOKUP($A143,$A$16:$J$63,3,FALSE)","v":"unid"},null,{"$f":"VLOOKUP($A143,$A$16:$J$63,5,FALSE)","v":{"v":2327.2,"d":"R$ 2,327.20"}},{"$f":"VLOOKUP($A143,$A$16:$J$63,6,FALSE)","v":{"v":581.8,"d":"R$ 581.80"}},{"$f":"VLOOKUP($A143,$A$16:$J$63,7,FALSE)","v":{"v":2909,"d":"R$ 2,909.00"}},{"$f":"J143-I143","v":0},{"$f":"TRUNC(D143*F143,2)","v":0},{"$f":"TRUNC(D143*G143,2)","v":0},{"$f":"VLOOKUP($A143,$A$16:$K$63,11,FALSE)","v":"CPU 01"}]
["1.2",{"$f":"VLOOKUP($A144,$A$16:$J$63,2,FALSE)","v":"SERVIÇOS TOPOGRÁFICOS PARA PAVIMENTAÇÃO"},{"$f":"VLOOKUP($A144,$A$16:$J$63,3,FALSE)","v":"m²"},{"$f":"E138","v":{"v":595,"d":"595.00"}},{"$f":"VLOOKUP($A144,$A$16:$J$63,5,FALSE)","v":{"v":0.15000000000000002,"d":"R$ 0.15"}},{"$f":"VLOOKUP($A144,$A$16:$J$63,6,FALSE)","v":{"v":0.6,"d":"R$ 0.60"}},{"$f":"VLOOKUP($A144,$A$16:$J$63,7,FALSE)","v":{"v":0.75,"d":"R$ 0.75"}},{"$f":"J144-I144","v":{"v":89.25,"d":"R$ 89.25"}},{"$f":"TRUNC(D144*F144,2)","v":{"v":357,"d":"R$ 357.00"}},{"$f":"TRUNC(D144*G144,2)","v":{"v":446.25,"d":"R$ 446.25"}},{"$f":"VLOOKUP($A144,$A$16:$K$63,11,FALSE)","v":"CPU 02"}]
["1.3",{"$f":"VLOOKUP($A145,$A$16:$J$63,2,FALSE)","v":"MOBILIZAÇÃO E DESMOBILIZAÇÃO DE EQUIPAMENTOS"},{"$f":"VLOOKUP($A145,$A$16:$J$63,3,FALSE)","v":"unid"},null,{"$f":"VLOOKUP($A145,$A$16:$J$63,5,FALSE)","v":{"v":2637.3999999999996,"d":"R$ 2,637.40"}},{"$f":"VLOOKUP($A145,$A$16:$J$63,6,FALSE)","v":{"v":659.34,"d":"R$ 659.34"}},{"$f":"VLOOKUP($A145,$A$16:$J$63,7,FALSE)","v":{"v":3296.74,"d":"R$ 3,296.74"}},{"$f":"J145-I145","v":0},{"$f":"TRUNC(D145*F145,2)","v":0},{"$f":"TRUNC(D145*G145,2)","v":0},{"$f":"VLOOKUP($A145,$A$16:$K$63,11,FALSE)","v":"CPU 03"}]
["1.4",{"$f":"VLOOKUP($A146,$A$16:$J$63,2,FALSE)","v":"ADMINISTRAÇÃO LOCAL DE OBRA"},{"$f":"VLOOKUP($A146,$A$16:$J$63,3,FALSE)","v":"mês"},{"v":1,"d":"1.00"},{"$f":"VLOOKUP($A146,$A$16:$J$63,5,FALSE)","v":{"v":2759.8999999999996,"d":"R$ 2,759.90"}},{"$f":"VLOOKUP($A146,$A$16:$J$63,6,FALSE)","v":{"v":11039.56,"d":"R$ 11,039.56"}},{"$f":"VLOOKUP($A146,$A$16:$J$63,7,FALSE)","v":{"v":13799.46,"d":"R$ 13,799.46"}},{"$f":"J146-I146","v":{"v":2759.8999999999996,"d":"R$ 2,759.90"}},{"$f":"TRUNC(D146*F146,2)","v":{"v":11039.56,"d":"R$ 11,039.56"}},{"$f":"TRUNC(D146*G146,2)","v":{"v":13799.46,"d":"R$ 13,799.46"}},{"$f":"VLOOKUP($A146,$A$16:$K$63,11,FALSE)","v":"CPU 04"}]
[{"$f":"CONCATENATE(\"TOTAL DO ITEM \",A142,\" - \",B142)","v":"TOTAL DO ITEM 1 - SERVIÇOS INICIAIS"},{"$nulls":6},{"$f":"SUM(H143:H146)","v":{"v":2849.1499999999996,"d":"R$ 2,849.15"}},{"$f":"SUM(I143:I146)","v":{"v":11396.56,"d":"R$ 11,396.56"}},{"$f":"SUM(J143:J146)","v":{"v":14245.71,"d":"R$ 14,245.71"}}]
[2,{"$f":"VLOOKUP($A148,$A$16:$J$63,2,FALSE)","v":"TERRAPLENAGEM"}]
["2.1",{"$f":"VLOOKUP($A149,$A$16:$J$63,2,FALSE)","v":"ESCAVAÇÃO HORIZONTAL, INCLUINDO CARGA, DESCARGA E TRANSPORTE EM SOLO DE 1A CATEGORIA COM TRATOR DE ESTEIRAS (125HP/LÂMINA: 2,70M3) E CAMINHÃO BASCULANTE DE 10M3, DMT ATÉ 200M. AF_07/2020"},{"$f":"VLOOKUP($A149,$A$16:$J$63,3,FALSE)","v":"m³"},181.46,{"$f":"VLOOKUP($A149,$A$16:$J$63,5,FALSE)","v":{"v":11.85,"d":"R$ 11.85"}},{"$f":"VLOOKUP($A149,$A$16:$J$63,6,FALSE)","v":{"v":2.25,"d":"R$ 2.25"}},{"$f":"VLOOKUP($A149,$A$16:$J$63,7,FALSE)","v":{"v":14.1,"d":"R$ 14.10"}},{"$f":"J149-I149","v":{"v":2150.3,"d":"R$ 2,150.30"}},{"$f":"TRUNC(D149*F149,2)","v":{"v":408.28,"d":"R$ 408.28"}},{"$f":"TRUNC(D149*G149,2)","v":{"v":2558.58,"d":"R$ 2,558.58"}},{"$f":"VLOOKUP($A149,$A$16:$K$63,11,FALSE)","v":101138}]
["2.2",{"$f":"VLOOKUP($A150,$A$16:$J$63,2,FALSE)","v":"TRANSPORTE COM CAMINHÃO BASCULANTE DE 10 M³, EM VIA URBANA EM REVESTIMENTO PRIMÁRIO, DMT 1,0 KM (UNIDADE: M3XKM). AF_07/2020"},{"$f":"VLOOKUP($A150,$A$16:$J$63,3,FALSE)","v":"m³ x km"},226.83,{"$f":"VLOOKUP($A150,$A$16:$J$63,5,FALSE)","v":{"v":2,"d":"R$ 2.00"}},{"$f":"VLOOKUP($A150,$A$16:$J$63,6,FALSE)","v":{"v":0.17,"d":"R$ 0.17"}},{"$f":"VLOOKUP($A150,$A$16:$J$63,7,FALSE)","v":{"v":2.17,"d":"R$ 2.17"}},{"v":453.66,"d":"R$ 453.66"},{"$f":"TRUNC(D150*F150,2)","v":{"v":38.56,"d":"R$ 38.56"}},{"$f":"TRUNC(D150*G150,2)","v":{"v":492.22,"d":"R$ 492.22"}},{"$f":"VLOOKUP($A150,$A$16:$K$63,11,FALSE)","v":93589},{"$nulls":3},{"v":13.3,"d":"13.30"}]
["2.3",{"$f":"VLOOKUP($A151,$A$16:$J$63,2,FALSE)","v":"REMOÇÃO DE SOLOS MOLES PARA ATÉ 600 MCS"},{"$f":"VLOOKUP($A151,$A$16:$J$63,3,FALSE)","v":"m³"},{"v":20,"d":"20.00"},{"$f":"VLOOKUP($A151,$A$16:$J$63,5,FALSE)","v":{"v":10.86,"d":"R$ 10.86"}},{"$f":"VLOOKUP($A151,$A$16:$J$63,6,FALSE)","v":{"v":2.06,"d":"R$ 2.06"}},{"$f":"VLOOKUP($A151,$A$16:$J$63,7,FALSE)","v":{"v":12.92,"d":"R$ 12.92"}},{"v":217.2,"d":"R$ 217.20"},{"$f":"TRUNC(D151*F151,2)","v":{"v":41.2,"d":"R$ 41.20"}},{"$f":"TRUNC(D151*G151,2)","v":{"v":258.4,"d":"R$ 258.40"}},{"$f":"VLOOKUP($A151,$A$16:$K$63,11,FALSE)","v":"sicro 5502927"}]
["2.4",{"$f":"VLOOKUP($A152,$A$16:$J$63,2,FALSE)","v":"AQUISIÇÃO DE ARGILA PROVENIENTE DE JAZIDA"},{"$f":"VLOOKUP($A152,$A$16:$J$63,3,FALSE)","v":"m³"},{"v":20,"d":"20.00"},{"$f":"VLOOKUP($A152,$A$16:$J$63,5,FALSE)","v":{"v":19.23,"d":"R$ 19.23"}},{"$f":"VLOOKUP($A152,$A$16:$J$63,6,FALSE)","v":{"v":3.66,"d":"R$ 3.66"}},{"$f":"VLOOKUP($A152,$A$16:$J$63,7,FALSE)","v":{"v":22.89,"d":"R$ 22.89"}},{"v":384.6,"d":"R$ 384.60"},{"v":73.2,"d":"R$ 73.20"},{"v":457.8,"d":"R$ 457.80"},{"$f":"VLOOKUP($A152,$A$16:$K$63,11,FALSE)","v":6077}]
["2.5",{"$f":"VLOOKUP($A153,$A$16:$J$63,2,FALSE)","v":"TRANSPORTE COM CAMINHÃO BASCULANTE DE 10 M³, EM VIA URBANA EM REVESTIMENTO PRIMÁRIO, DMT 15,40 KM (UNIDADE: M3XKM). AF_07/2020"},{"$f":"VLOOKUP($A153,$A$16:$J$63,3,FALSE)","v":"m³ x km"},{"$f":"ROUND(D152*1.25*$O$153,2)","v":{"v":385,"d":"385.00"}},{"$f":"VLOOKUP($A153,$A$16:$J$63,5,FALSE)","v":{"v":2,"d":"R$ 2.00"}},{"$f":"VLOOKUP($A153,$A$16:$J$63,6,FALSE)","v":{"v":0.17,"d":"R$ 0.17"}},{"$f":"VLOOKUP($A153,$A$16:$J$63,7,FALSE)","v":{"v":2.17,"d":"R$ 2.17"}},{"v":770,"d":"R$ 770.00"},{"v":65.45,"d":"R$ 65.45"},{"v":835.45,"d":"R$ 835.45"},{"$f":"VLOOKUP($A153,$A$16:$K$63,11,FALSE)","v":93589},{"$nulls":3},{"v":15.4,"d":"15.40"}]
["2.6",{"$f":"VLOOKUP($A154,$A$16:$J$63,2,FALSE)","v":"EXECUÇÃO E COMPACTAÇÃO DE ATERRO COM SOLO PREDOMINANTEMENTE ARGILOSO - EXCLUSIVE SOLO, ESCAVAÇÃO, CARGA E TRANSPORTE. AF_11/2019"},{"$f":"VLOOKUP($A154,$A$16:$J$63,3,FALSE)","v":"m³"},{"v":20,"d":"20.00"},{"$f":"VLOOKUP($A154,$A$16:$J$63,5,FALSE)","v":{"v":10.329999999999998,"d":"R$ 10.33"}},{"$f":"VLOOKUP($A154,$A$16:$J$63,6,FALSE)","v":{"v":1.96,"d":"R$ 1.96"}},{"$f":"VLOOKUP($A154,$A$16:$J$63,7,FALSE)","v":{"v":12.29,"d":"R$ 12.29"}},{"v":206.60000000000002,"d":"R$ 206.60"},{"v":39.2,"d":"R$ 39.20"},{"v":245.8,"d":"R$ 245.80"},{"$f":"VLOOKUP($A154,$A$16:$K$63,11,FALSE)","v":96385}]
["2.7",{"$f":"VLOOKUP($A155,$A$16:$J$63,2,FALSE)","v":"REGULARIZAÇÃO E COMPACTAÇÃO DE SUBLEITO DE SOLO PREDOMINANTEMENTE ARGILOSO. AF_11/2019"},{"$f":"VLOOKUP($A155,$A$16:$J$63,3,FALSE)","v":"m²"},{"v":703.8,"d":"703.80"},{"$f":"VLOOKUP($A155,$A$16:$J$63,5,FALSE)","v":{"v":2.22,"d":"R$ 2.22"}},{"$f":"VLOOKUP($A155,$A$16:$J$63,6,FALSE)","v":{"v":0.42,"d":"R$ 0.42"}},{"$f":"VLOOKUP($A155,$A$16:$J$63,7,FALSE)","v":{"v":2.64,"d":"R$ 2.64"}},{"v":1562.44,"d":"R$ 1,562.44"},{"v":295.59,"d":"R$ 295.59"},{"v":1858.03,"d":"R$ 1,858.03"},{"$f":"VLOOKUP($A155,$A$16:$K$63,11,FALSE)","v":100576}]
[{"$f":"CONCATENATE(\"TOTAL DO ITEM \",A148,\" - \",B148)","v":"TOTAL DO ITEM 2 - TERRAPLENAGEM"},{"$nulls":6},{"$f":"SUM(H149:H155)","v":{"v":5744.799999999999,"d":"R$ 5,744.80"}},{"$f":"SUM(I149:I155)","v":{"v":961.48,"d":"R$ 961.48"}},{"$f":"SUM(J149:J155)","v":{"v":6706.280000000001,"d":"R$ 6,706.28"}}]
[3,{"$f":"VLOOKUP($A157,$A$16:$J$63,2,FALSE)","v":"DRENAGEM"}]
["3.1",{"$f":"VLOOKUP($A158,$A$16:$J$63,2,FALSE)","v":"ESCAVAÇÃO MECANIZADA DE VALA COM PROF. ATÉ 1,5 M(MÉDIA ENTRE MONTANTE E JUSANTE/UMA COMPOSIÇÃO POR TRECHO), COM ESCAVADEIRA HIDRÁULICA (0,8 M3), LARG. DE 1,5M A 2,5 M, EM SOLO DE 1A CATEGORIA, LOCAIS COM BAIXO NÍVEL DE INTERFERÊNCIA. AF_02/2021"},{"$f":"VLOOKUP($A158,$A$16:$J$63,3,FALSE)","v":"m³"},51.84,{"$f":"VLOOKUP($A158,$A$16:$J$63,5,FALSE)","v":{"v":6.2,"d":"R$ 6.20"}},{"$f":"VLOOKUP($A158,$A$16:$J$63,6,FALSE)","v":{"v":1.17,"d":"R$ 1.17"}},{"$f":"VLOOKUP($A158,$A$16:$J$63,7,FALSE)","v":{"v":7.37,"d":"R$ 7.37"}},{"$f":"J158-I158","v":{"v":321.41,"d":"R$ 321.41"}},{"$f":"TRUNC(D158*F158,2)","v":{"v":60.65,"d":"R$ 60.65"}},{"$f":"TRUNC(D158*G158,2)","v":{"v":382.06,"d":"R$ 382.06"}},{"$f":"VLOOKUP($A158,$A$16:$K$63,11,FALSE)","v":90106}]
["3.2",{"$f":"VLOOKUP($A159,$A$16:$J$63,2,FALSE)","v":"TRANSPORTE COM CAMINHÃO BASCULANTE DE 10 M³, EM VIA URBANA EM REVESTIMENTO PRIMÁRIO, DMT 13,30 KM (UNIDADE: M3XKM). AF_07/2020"},{"$f":"VLOOKUP($A159,$A$16:$J$63,3,FALSE)","v":"m³ x km"},8.15,{"$f":"VLOOKUP($A159,$A$16:$J$63,5,FALSE)","v":{"v":2,"d":"R$ 2.00"}},{"$f":"VLOOKUP($A159,$A$16:$J$63,6,FALSE)","v":{"v":0.17,"d":"R$ 0.17"}},{"$f":"VLOOKUP($A159,$A$16:$J$63,7,FALSE)","v":{"v":2.17,"d":"R$ 2.17"}},{"v":16.3,"d":"R$ 16.30"},{"v":1.38,"d":"R$ 1.38"},{"v":17.68,"d":"R$ 17.68"},{"$f":"VLOOKUP($A159,$A$16:$K$63,11,FALSE)","v":93589},{"$nulls":3},{"v":1,"d":"1.00"}]
["3.3",{"$f":"VLOOKUP($A160,$A$16:$J$63,2,FALSE)","v":"LASTRO DE BRITA PARA ASSENTAMENTO DOS TUBOS, EXCLUSIVE TRANPORTE"},{"$f":"VLOOKUP($A160,$A$16:$J$63,3,FALSE)","v":"m³"},{"v":3.6,"d":"3.60"},{"$f":"VLOOKUP($A160,$A$16:$J$63,5,FALSE)","v":{"v":103.81,"d":"R$ 103.81"}},{"$f":"VLOOKUP($A160,$A$16:$J$63,6,FALSE)","v":{"v":19.77,"d":"R$ 19.77"}},{"$f":"VLOOKUP($A160,$A$16:$J$63,7,FALSE)","v":{"v":123.58,"d":"R$ 123.58"}},{"v":373.71,"d":"R$ 373.71"},{"v":71.17,"d":"R$ 71.17"},{"v":444.88,"d":"R$ 444.88"},{"$f":"VLOOKUP($A160,$A$16:$K$63,11,FALSE)","v":96624}]
["3.4",{"$f":"VLOOKUP($A161,$A$16:$J$63,2,FALSE)","v":"TRANSPORTE COM CAMINHÃO BASCULANTE DE 10 M³, EM VIA URBANA PAVIMENTADA, DMT 26,30 KM (UNIDADE: M3XKM). AF_07/2020"},{"$f":"VLOOKUP($A161,$A$16:$J$63,3,FALSE)","v":"m³ x km"},{"$f":"ROUND(D160*1.13*$O$161,2)","v":106.99},{"$f":"VLOOKUP($A161,$A$16:$J$63,5,FALSE)","v":{"v":2,"d":"R$ 2.00"}},{"$f":"VLOOKUP($A161,$A$16:$J$63,6,FALSE)","v":{"v":0.17,"d":"R$ 0.17"}},{"$f":"VLOOKUP($A161,$A$16:$J$63,7,FALSE)","v":{"v":2.17,"d":"R$ 2.17"}},{"v":213.98,"d":"R$ 213.98"},{"v":18.18,"d":"R$ 18.18"},{"v":232.16,"d":"R$ 232.16"},{"$f":"VLOOKUP($A161,$A$16:$K$63,11,FALSE)","v":95875},{"$nulls":3},{"v":26.3,"d":"26.30"}]
["3.5",{"$f":"VLOOKUP($A162,$A$16:$J$63,2,FALSE)","v":"TUBO DE CONCRETO SIMPLES PARA AGUAS PLUVIAIS, CLASSE PS-1, COM ENCAIXE MACHO FÊMEA, DIAMETRO NOMINAL DE 400 MM"},{"$f":"VLOOKUP($A162,$A$16:$J$63,3,FALSE)","v":"m"},{"v":24,"d":"24.00"},{"$f":"VLOOKUP($A162,$A$16:$J$63,5,FALSE)","v":{"v":57.74,"d":"R$ 57.74"}},{"$f":"VLOOKUP($A162,$A$16:$J$63,6,FALSE)","v":0},{"$f":"VLOOKUP($A162,$A$16:$J$63,7,FALSE)","v":{"v":57.74,"d":"R$ 57.74"}},{"v":1385.76,"d":"R$ 1,385.76"},0,{"v":1385.76,"d":"R$ 1,385.76"},{"$f":"VLOOKUP($A162,$A$16:$K$63,11,FALSE)","v":37451}]
["3.6",{"$f":"VLOOKUP($A163,$A$16:$J$63,2,FALSE)","v":"TUBO DE CONCRETO ARMADO PARA AGUAS PLUVIAIS, CLASSE PA-1, COM ENCAIXE MACHO FÊMEA, DIAMETRO NOMINAL DE 400 MM"},{"$f":"VLOOKUP($A163,$A$16:$J$63,3,FALSE)","v":"m"},{"v":12,"d":"12.00"},{"$f":"VLOOKUP($A163,$A$16:$J$63,5,FALSE)","v":{"v":118.76,"d":"R$ 118.76"}},{"$f":"VLOOKUP($A163,$A$16:$J$63,6,FALSE)","v":0},{"$f":"VLOOKUP($A163,$A$16:$J$63,7,FALSE)","v":{"v":118.76,"d":"R$ 118.76"}},{"v":1425.12,"d":"R$ 1,425.12"},0,{"v":1425.12,"d":"R$ 1,425.12"},{"$f":"VLOOKUP($A163,$A$16:$K$63,11,FALSE)","v":7745}]
["3.7",{"$f":"VLOOKUP($A164,$A$16:$J$63,2,FALSE)","v":"ASSENTAMENTO DE TUBO DE CONCRETO PARA REDES COLETORAS DE ÁGUAS PLUVIAIS, DIÂMETRO DE 400 MM, JUNTA RÍGIDA, INSTALADO EM LOCAL COM BAIXO NÍVEL DE INTERFERÊNCIAS (NÃO INCLUI FORNECIMENTO). AF_12/2015"},{"$f":"VLOOKUP($A164,$A$16:$J$63,3,FALSE)","v":"m"},{"$f":"D162+D163","v":{"v":36,"d":"36.00"}},{"$f":"VLOOKUP($A164,$A$16:$J$63,5,FALSE)","v":0},{"$f":"VLOOKUP($A164,$A$16:$J$63,6,FALSE)","v":{"v":58.08,"d":"R$ 58.08"}},{"$f":"VLOOKUP($A164,$A$16:$J$63,7,FALSE)","v":{"v":58.08,"d":"R$ 58.08"}},0,{"v":2090.88,"d":"R$ 2,090.88"},{"v":2090.88,"d":"R$ 2,090.88"},{"$f":"VLOOKUP($A164,$A$16:$K$63,11,FALSE)","v":92809}]
["3.8",{"$f":"VLOOKUP($A165,$A$16:$J$63,2,FALSE)","v":"REATERRO MECANIZADO DE VALA COM ESCAVADEIRA HIDRÁULICA (CAPACIDADE DA CAÇAMBA: 0,8 M³ / POTÊNCIA: 111 HP), LARGURA ATÉ 1,5 M, PROFUNDIDADE DE 1,5 A 3,0 M, COM SOLO DE 1ª CATEGORIA EM LOCAIS COM BAIXO NÍVEL DE INTERFERÊNCIA. AF_04/2016"},{"$f":"VLOOKUP($A165,$A$16:$J$63,3,FALSE)","v":"m³"},{"$f":"ROUND(D158-(D164*0.181),2)","v":45.32},{"$f":"VLOOKUP($A165,$A$16:$J$63,5,FALSE)","v":{"v":19.64,"d":"R$ 19.64"}},{"$f":"VLOOKUP($A165,$A$16:$J$63,6,FALSE)","v":{"v":3.74,"d":"R$ 3.74"}},{"$f":"VLOOKUP($A165,$A$16:$J$63,7,FALSE)","v":{"v":23.38,"d":"R$ 23.38"}},{"v":890.0899999999999,"d":"R$ 890.09"},{"v":169.49,"d":"R$ 169.49"},{"v":1059.58,"d":"R$ 1,059.58"},{"$f":"VLOOKUP($A165,$A$16:$K$63,11,FALSE)","v":93368}]
["3.9",{"$f":"VLOOKUP($A166,$A$16:$J$63,2,FALSE)","v":"CAIXA COLETORA COM PAREDES EM PEDRA GRÊS, 0,80x0,80, COM FUNDO E TAMPA DE CONCRETO"},{"$f":"VLOOKUP($A166,$A$16:$J$63,3,FALSE)","v":"unid"},{"v":3,"d":"3.00"},{"$f":"VLOOKUP($A166,$A$16:$J$63,5,FALSE)","v":{"v":1557.52,"d":"R$ 1,557.52"}},{"$f":"VLOOKUP($A166,$A$16:$J$63,6,FALSE)","v":{"v":296.66,"d":"R$ 296.66"}},{"$f":"VLOOKUP($A166,$A$16:$J$63,7,FALSE)","v":{"v":1854.18,"d":"R$ 1,854.18"}},{"v":4672.5599999999995,"d":"R$ 4,672.56"},{"v":889.98,"d":"R$ 889.98"},{"v":5562.54,"d":"R$ 5,562.54"},{"$f":"VLOOKUP($A166,$A$16:$K$63,11,FALSE)","v":"CPU 09"}]
[{"$f":"CONCATENATE(\"TOTAL DO ITEM \",A157,\" - \",B157)","v":"TOTAL DO ITEM 3 - DRENAGEM"},{"$nulls":6},{"$f":"SUM(H158:H166)","v":{"v":9298.93,"d":"R$ 9,298.93"}},{"$f":"SUM(I158:I166)","v":{"v":3301.73,"d":"R$ 3,301.73"}},{"$f":"SUM(J158:J166)","v":{"v":12600.66,"d":"R$ 12,600.66"}}]
[4,{"$f":"VLOOKUP($A168,$A$16:$J$63,2,FALSE)","v":"PAVIMENTAÇÃO"}]
["4.1",{"$f":"VLOOKUP($A169,$A$16:$J$63,2,FALSE)","v":"EXECUÇÃO E COMPACTAÇÃO DE BASE E OU SUB BASE PARA PAVIMENTAÇÃO DE MACADAME SECO (E = 15 CM) - EXCLUSIVE CARGA E TRANSPORTE. AF_11/2019"},{"$f":"VLOOKUP($A169,$A$16:$J$63,3,FALSE)","v":"m³"},104.55,{"$f":"VLOOKUP($A169,$A$16:$J$63,5,FALSE)","v":{"v":109.35000000000001,"d":"R$ 109.35"}},{"$f":"VLOOKUP($A169,$A$16:$J$63,6,FALSE)","v":{"v":14.91,"d":"R$ 14.91"}},{"$f":"VLOOKUP($A169,$A$16:$J$63,7,FALSE)","v":{"v":124.26,"d":"R$ 124.26"}},{"$f":"J169-I169","v":{"v":11432.539999999999,"d":"R$ 11,432.54"}},{"$f":"TRUNC(D169*F169,2)","v":{"v":1558.84,"d":"R$ 1,558.84"}},{"$f":"TRUNC(D169*G169,2)","v":{"v":12991.38,"d":"R$ 12,991.38"}},{"$f":"VLOOKUP($A169,$A$16:$K$63,11,FALSE)","v":96400}]
["4.2",{"$f":"VLOOKUP($A170,$A$16:$J$63,2,FALSE)","v":"TRANSPORTE COM CAMINHÃO BASCULANTE DE 10 M³, EM VIA URBANA PAVIMENTADA , DMT 26,30 KM (UNIDADE: M3XKM). AF_07/2020"},{"$f":"VLOOKUP($A170,$A$16:$J$63,3,FALSE)","v":"m³ x km"},{"v":3024.63,"d":"3,024.63"},{"$f":"VLOOKUP($A170,$A$16:$J$63,5,FALSE)","v":{"v":1.8499999999999999,"d":"R$ 1.85"}},{"$f":"VLOOKUP($A170,$A$16:$J$63,6,FALSE)","v":{"v":0.16,"d":"R$ 0.16"}},{"$f":"VLOOKUP($A170,$A$16:$J$63,7,FALSE)","v":{"v":2.01,"d":"R$ 2.01"}},{"v":5595.56,"d":"R$ 5,595.56"},{"v":483.94,"d":"R$ 483.94"},{"v":6079.5,"d":"R$ 6,079.50"},{"$f":"VLOOKUP($A170,$A$16:$K$63,11,FALSE)","v":95875},{"$nulls":3},{"v":26.3,"d":"26.30"}]
["4.3",{"$f":"VLOOKUP($A171,$A$16:$J$63,2,FALSE)","v":"EXECUÇÃO E COMPACTAÇÃO DE BASE E OU SUB BASE PARA PAVIMENTAÇÃO DE BRITA GRADUADA SIMPLES (E = 15 CM) - EXCLUSIVE CARGA E TRANSPORTE. AF_11/2019"},{"$f":"VLOOKUP($A171,$A$16:$J$63,3,FALSE)","v":"m³"},{"v":96.9,"d":"96.90"},{"$f":"VLOOKUP($A171,$A$16:$J$63,5,FALSE)","v":{"v":120.35,"d":"R$ 120.35"}},{"$f":"VLOOKUP($A171,$A$16:$J$63,6,FALSE)","v":{"v":16.41,"d":"R$ 16.41"}},{"$f":"VLOOKUP($A171,$A$16:$J$63,7,FALSE)","v":{"v":136.76,"d":"R$ 136.76"}},{"v":11661.920000000002,"d":"R$ 11,661.92"},{"v":1590.12,"d":"R$ 1,590.12"},{"v":13252.04,"d":"R$ 13,252.04"},{"$f":"VLOOKUP($A171,$A$16:$K$63,11,FALSE)","v":96396}]
["4.4",{"$f":"VLOOKUP($A172,$A$16:$J$63,2,FALSE)","v":"TRANSPORTE COM CAMINHÃO BASCULANTE DE 10 M³, EM VIA URBANA PAVIMENTADA , DMT 26,30 KM (UNIDADE: M3XKM). AF_07/2020"},{"$f":"VLOOKUP($A172,$A$16:$J$63,3,FALSE)","v":"m³ x km"},{"$f":"ROUND(D171*1.45*$O$172,2)","v":{"v":3695.28,"d":"3,695.28"}},{"$f":"VLOOKUP($A172,$A$16:$J$63,5,FALSE)","v":{"v":1.8499999999999999,"d":"R$ 1.85"}},{"$f":"VLOOKUP($A172,$A$16:$J$63,6,FALSE)","v":{"v":0.16,"d":"R$ 0.16"}},{"$f":"VLOOKUP($A172,$A$16:$J$63,7,FALSE)","v":{"v":2.01,"d":"R$ 2.01"}},{"v":6836.27,"d":"R$ 6,836.27"},{"v":591.24,"d":"R$ 591.24"},{"v":7427.51,"d":"R$ 7,427.51"},{"$f":"VLOOKUP($A172,$A$16:$K$63,11,FALSE)","v":95875},{"$nulls":3},{"v":26.3,"d":"26.30"}]
["4.5",{"$f":"VLOOKUP($A173,$A$16:$J$63,2,FALSE)","v":"IMPRIMAÇÃO COM CM-30, INCLUSIVE ASFALTO E TRANSPORTE, TAXA= 0,8 L/M² A 1,6 L/M²"},{"$f":"VLOOKUP($A173,$A$16:$J$63,3,FALSE)","v":"m²"},{"v":646,"d":"646.00"},{"$f":"VLOOKUP($A173,$A$16:$J$63,5,FALSE)","v":{"v":10.36,"d":"R$ 10.36"}},{"$f":"VLOOKUP($A173,$A$16:$J$63,6,FALSE)","v":{"v":1.15,"d":"R$ 1.15"}},{"$f":"VLOOKUP($A173,$A$16:$J$63,7,FALSE)","v":{"v":11.51,"d":"R$ 11.51"}},{"v":6692.56,"d":"R$ 6,692.56"},{"v":742.9,"d":"R$ 742.90"},{"v":7435.46,"d":"R$ 7,435.46"},{"$f":"VLOOKUP($A173,$A$16:$K$63,11,FALSE)","v":"CPU 05 (96401)"}]
["4.6",{"$f":"VLOOKUP($A174,$A$16:$J$63,2,FALSE)","v":"EXECUÇÃO DE PINTURA DE LIGAÇÃO COM EMULSÃO ASFÁLTICA RR-2C. AF_11/2019"},{"$f":"VLOOKUP($A174,$A$16:$J$63,3,FALSE)","v":"m²"},{"v":595,"d":"595.00"},{"$f":"VLOOKUP($A174,$A$16:$J$63,5,FALSE)","v":{"v":3.1100000000000003,"d":"R$ 3.11"}},{"$f":"VLOOKUP($A174,$A$16:$J$63,6,FALSE)","v":{"v":0.34,"d":"R$ 0.34"}},{"$f":"VLOOKUP($A174,$A$16:$J$63,7,FALSE)","v":{"v":3.45,"d":"R$ 3.45"}},{"v":1850.45,"d":"R$ 1,850.45"},{"v":202.3,"d":"R$ 202.30"},{"v":2052.75,"d":"R$ 2,052.75"},{"$f":"VLOOKUP($A174,$A$16:$K$63,11,FALSE)","v":"CPU 06 (96402)"}]
["4.7",{"$f":"VLOOKUP($A175,$A$16:$J$63,2,FALSE)","v":"CONCRETO BETUMINOSO USINADO QUENTE (C.B.U.Q.), FORNECIMENTO E EXECUÇÃO (E= 4 CM)"},{"$f":"VLOOKUP($A175,$A$16:$J$63,3,FALSE)","v":"m³"},{"$f":"D144*0.04","v":{"v":23.8,"d":"23.80"}},{"$f":"VLOOKUP($A175,$A$16:$J$63,5,FALSE)","v":{"v":1491.71,"d":"R$ 1,491.71"}},{"$f":"VLOOKUP($A175,$A$16:$J$63,6,FALSE)","v":{"v":165.74,"d":"R$ 165.74"}},{"$f":"VLOOKUP($A175,$A$16:$J$63,7,FALSE)","v":{"v":1657.45,"d":"R$ 1,657.45"}},{"v":35502.7,"d":"R$ 35,502.70"},{"v":3944.61,"d":"R$ 3,944.61"},{"v":39447.31,"d":"R$ 39,447.31"},{"$f":"VLOOKUP($A175,$A$16:$K$63,11,FALSE)","v":"CPU 07 (95995)"}]
["4.8",{"$f":"VLOOKUP($A176,$A$16:$J$63,2,FALSE)","v":"TRANSPORTE COM CAMINHÃO BASCULANTE DE 10 M³, EM VIA URBANA PAVIMENTADA , DMT 26,30 KM (UNIDADE: M3XKM). AF_07/2020"},{"$f":"VLOOKUP($A176,$A$16:$J$63,3,FALSE)","v":"m³ x km"},907.61,{"$f":"VLOOKUP($A176,$A$16:$J$63,5,FALSE)","v":{"v":1.8499999999999999,"d":"R$ 1.85"}},{"$f":"VLOOKUP($A176,$A$16:$J$63,6,FALSE)","v":{"v":0.16,"d":"R$ 0.16"}},{"$f":"VLOOKUP($A176,$A$16:$J$63,7,FALSE)","v":{"v":2.01,"d":"R$ 2.01"}},{"v":1679.08,"d":"R$ 1,679.08"},{"v":145.21,"d":"R$ 145.21"},{"v":1824.29,"d":"R$ 1,824.29"},{"$f":"VLOOKUP($A176,$A$16:$K$63,11,FALSE)","v":95875}]
[{"$f":"CONCATENATE(\"TOTAL DO ITEM \",A168,\" - \",B168)","v":"TOTAL DO ITEM 4 - PAVIMENTAÇÃO"},{"$nulls":6},{"$f":"SUM(H169:H176)","v":{"v":81251.08,"d":"R$ 81,251.08"}},{"$f":"SUM(I169:I176)","v":{"v":9259.159999999998,"d":"R$ 9,259.16"}},{"$f":"SUM(J169:J176)","v":{"v":90510.23999999999,"d":"R$ 90,510.24"}}]
[5,{"$f":"VLOOKUP($A178,$A$16:$J$63,2,FALSE)","v":"SINALIZAÇÃO"}]
["5.1",{"$f":"VLOOKUP($A179,$A$16:$J$63,2,FALSE)","v":"LIMPEZA DA SUPERFÍCIE PARA APLICAÇÃO DE SINALIZAÇÃO"},{"$f":"VLOOKUP($A179,$A$16:$J$63,3,FALSE)","v":"m²"},{"v":48.2,"d":"48.20"},{"$f":"VLOOKUP($A179,$A$16:$J$63,5,FALSE)","v":{"v":1.66,"d":"R$ 1.66"}},{"$f":"VLOOKUP($A179,$A$16:$J$63,6,FALSE)","v":{"v":0.33,"d":"R$ 0.33"}},{"$f":"VLOOKUP($A179,$A$16:$J$63,7,FALSE)","v":{"v":1.99,"d":"R$ 1.99"}},{"$f":"J179-I179","v":{"v":80.00999999999999,"d":"R$ 80.01"}},{"$f":"TRUNC(D179*F179,2)","v":{"v":15.9,"d":"R$ 15.90"}},{"$f":"TRUNC(D179*G179,2)","v":{"v":95.91,"d":"R$ 95.91"}},{"$f":"VLOOKUP($A179,$A$16:$K$63,11,FALSE)","v":99814}]
["5.2",{"$f":"VLOOKUP($A180,$A$16:$J$63,2,FALSE)","v":"SINALIZAÇÃO HORIZONTAL TINTA ACRÍLICA, COR AMARELA OU BRANCA (L= 12 CM)"},{"$f":"VLOOKUP($A180,$A$16:$J$63,3,FALSE)","v":"m²"},{"v":30.6,"d":"30.60"},{"$f":"VLOOKUP($A180,$A$16:$J$63,5,FALSE)","v":{"v":28.480000000000004,"d":"R$ 28.48"}},{"$f":"VLOOKUP($A180,$A$16:$J$63,6,FALSE)","v":{"v":5.83,"d":"R$ 5.83"}},{"$f":"VLOOKUP($A180,$A$16:$J$63,7,FALSE)","v":{"v":34.31,"d":"R$ 34.31"}},{"v":871.4900000000001,"d":"R$ 871.49"},{"v":178.39,"d":"R$ 178.39"},{"v":1049.88,"d":"R$ 1,049.88"},{"$f":"VLOOKUP($A180,$A$16:$K$63,11,FALSE)","v":"sicro 5213401"}]
["5.3",{"$f":"VLOOKUP($A181,$A$16:$J$63,2,FALSE)","v":"SINALIZAÇÃO HORIZONTAL ÁREAS ESPECIAIS"},{"$f":"VLOOKUP($A181,$A$16:$J$63,3,FALSE)","v":"m²"},{"v":17.6,"d":"17.60"},{"$f":"VLOOKUP($A181,$A$16:$J$63,5,FALSE)","v":{"v":40.97,"d":"R$ 40.97"}},{"$f":"VLOOKUP($A181,$A$16:$J$63,6,FALSE)","v":{"v":8.39,"d":"R$ 8.39"}},{"$f":"VLOOKUP($A181,$A$16:$J$63,7,FALSE)","v":{"v":49.36,"d":"R$ 49.36"}},{"v":721.07,"d":"R$ 721.07"},{"v":147.66,"d":"R$ 147.66"},{"v":868.73,"d":"R$ 868.73"},{"$f":"VLOOKUP($A181,$A$16:$K$63,11,FALSE)","v":"sicro 5213405"}]
["5.4",{"$f":"VLOOKUP($A182,$A$16:$J$63,2,FALSE)","v":"PLACA TIPO R01-REGULAMENTAÇÃO (PARADA OBRIGATÓRIA) - SUPORTE METÁLICO H= 2,20M, L = 33 CM"},{"$f":"VLOOKUP($A182,$A$16:$J$63,3,FALSE)","v":"unid"},null,{"$f":"VLOOKUP($A182,$A$16:$J$63,5,FALSE)","v":{"v":569.09,"d":"R$ 569.09"}},{"$f":"VLOOKUP($A182,$A$16:$J$63,6,FALSE)","v":{"v":116.55,"d":"R$ 116.55"}},{"$f":"VLOOKUP($A182,$A$16:$J$63,7,FALSE)","v":{"v":685.64,"d":"R$ 685.64"}},0,0,0,{"$f":"VLOOKUP($A182,$A$16:$K$63,11,FALSE)","v":"34723+21014"}]
["5.5",{"$f":"VLOOKUP($A183,$A$16:$J$63,2,FALSE)","v":"PLACA TIPO A-32b PASSAGEM DE PEDESTRES  - SUPORTE METÁLICO H = 2,20M, L = 50 CM"},{"$f":"VLOOKUP($A183,$A$16:$J$63,3,FALSE)","v":"unid"},{"v":2,"d":"2.00"},{"$f":"VLOOKUP($A183,$A$16:$J$63,5,FALSE)","v":{"v":569.09,"d":"R$ 569.09"}},{"$f":"VLOOKUP($A183,$A$16:$J$63,6,FALSE)","v":{"v":116.55,"d":"R$ 116.55"}},{"$f":"VLOOKUP($A183,$A$16:$J$63,7,FALSE)","v":{"v":685.64,"d":"R$ 685.64"}},{"v":1138.18,"d":"R$ 1,138.18"},{"v":233.1,"d":"R$ 233.10"},{"v":1371.28,"d":"R$ 1,371.28"},{"$f":"VLOOKUP($A183,$A$16:$K$63,11,FALSE)","v":"34723+21014"}]
["5.6",{"$f":"VLOOKUP($A184,$A$16:$J$63,2,FALSE)","v":"PLACA TIPO R19-REGULAMENTAÇÃO (VELOCIDADE MÁXIMA)  - SUPORTE METÁLICO H= 2,20M, DIAM = 50 CM"},{"$f":"VLOOKUP($A184,$A$16:$J$63,3,FALSE)","v":"unid"},{"v":2,"d":"2.00"},{"$f":"VLOOKUP($A184,$A$16:$J$63,5,FALSE)","v":{"v":542.29,"d":"R$ 542.29"}},{"$f":"VLOOKUP($A184,$A$16:$J$63,6,FALSE)","v":{"v":111.07,"d":"R$ 111.07"}},{"$f":"VLOOKUP($A184,$A$16:$J$63,7,FALSE)","v":{"v":653.36,"d":"R$ 653.36"}},{"v":1084.58,"d":"R$ 1,084.58"},{"v":222.14,"d":"R$ 222.14"},{"v":1306.72,"d":"R$ 1,306.72"},{"$f":"VLOOKUP($A184,$A$16:$K$63,11,FALSE)","v":"34723+21014"}]
["5.7",{"$f":"VLOOKUP($A185,$A$16:$J$63,2,FALSE)","v":"TACHA BIDIRECIONAL"},{"$f":"VLOOKUP($A185,$A$16:$J$63,3,FALSE)","v":"unid"},{"v":9,"d":"9.00"},{"$f":"VLOOKUP($A185,$A$16:$J$63,5,FALSE)","v":{"v":23.96,"d":"R$ 23.96"}},{"$f":"VLOOKUP($A185,$A$16:$J$63,6,FALSE)","v":{"v":4.9,"d":"R$ 4.90"}},{"$f":"VLOOKUP($A185,$A$16:$J$63,7,FALSE)","v":{"v":28.86,"d":"R$ 28.86"}},{"v":215.64000000000001,"d":"R$ 215.64"},{"v":44.1,"d":"R$ 44.10"},{"v":259.74,"d":"R$ 259.74"},{"$f":"VLOOKUP($A185,$A$16:$K$63,11,FALSE)","v":"sicro 5219606"}]
[{"$f":"CONCATENATE(\"TOTAL DO ITEM \",A178,\" - \",B178)","v":"TOTAL DO ITEM 5 - SINALIZAÇÃO"},{"$nulls":6},{"$f":"SUM(H179:H185)","v":{"v":4110.97,"d":"R$ 4,110.97"}},{"$f":"SUM(I179:I185)","v":{"v":841.29,"d":"R$ 841.29"}},{"$f":"SUM(J179:J185)","v":{"v":4952.26,"d":"R$ 4,952.26"}}]
[{"$f":"CONCATENATE(\"TOTAL ORÇAMENTO - \",B135)","v":"TOTAL ORÇAMENTO - LINHA SÍTIO - RUA DA IGREJA"},{"$nulls":6},{"$f":"H147+H156+H167+H177+H186","v":{"v":103254.93,"d":"R$ 103,254.93"}},{"$f":"I147+I156+I167+I177+I186","v":{"v":25760.219999999998,"d":"R$ 25,760.22"}},{"$f":"J147+J156+J167+J177+J186","v":{"v":129015.14999999998,"d":"R$ 129,015.15"}}]
[{"$f":"A126","v":"BDI ADOTADO = 24,23%"}]
["Ref: SICRO JAN/21"]
["SINAPI AGOSTO/21"]
[]
[null,{"$f":"$B$68","v":"Eng. Civil Lorenzo Schnorr Fornari"},{"$nulls":3},{"$f":"$F$68","v":"Prefeitura Municipal"}]
[null,{"$f":"$B$69","v":"CREA RS247702"},{"$nulls":3},{"$f":"$F$69","v":"de Cruzeiro do Sul/RS"}]

{"sheet":"CRON. MACRO","index":1,"n_rows":26,"n_cols":37,"rows_kept":26,"merged":[[5,0,5,2],[7,0,7,13],[9,0,10,0],[9,1,10,1],[9,2,10,2],[9,3,10,3],[9,4,9,5],[9,6,9,7],[9,8,9,9],[9,10,9,11],[9,12,9,13],[16,2,17,2],[16,3,17,3],[24,8,24,11],[25,8,25,11]]}
[]
[{"$f":"ORÇAMENTO!$A$7","v":"CRUZEIRO DO SUL/RS"},{"$nulls":12},{"$f":"ORÇAMENTO!I2","v":"Cruzeiro do Sul/RS, janeiro de 2022"}]
[{"$f":"ORÇAMENTO!A8","v":"LINHA SÍTIO"}]
[]
[{"$f":"ORÇAMENTO!$B$9","v":0}]
[]
[]
["CRONOGRAMA FÍSICO/FINANCEIRO - LINHA SÍTIO"]
[]
["ITEM","DESCRIÇÃO DOS SERVIÇOS","TOTAL","%","1º MÊS",null,"2º MÊS",null,"3º MÊS",null,"4º MÊS",null,"5º MÊS"]
[{"$nulls":4},"% mês","R$","% mês","R$","% mês","R$","% mês","R$","% mês","R$"]
[1,{"$f":"VLOOKUP($A12,ORÇAMENTO!$A$15:$J$63,2,FALSE)","v":"SERVIÇOS INICIAIS"},{"$f":"ORÇAMENTO!J23","v":{"v":34837.1,"d":"R$ 34,837.10"}},{"$f":"C12/$C$17","v":{"v":0.12079931697626207,"d":"12.08%"}},{"v":0.4,"d":"40.00%"},{"$f":"ROUND($C12*E12,2)","v":{"v":13934.84,"d":"R$ 13,934.84"}},{"v":0.6,"d":"60.00%"},{"$f":"ROUND($C12*G12,2)","v":{"v":20902.26,"d":"R$ 20,902.26"}},null,{"$f":"ROUND($C12*I12,2)","v":0},null,{"$f":"ROUND($C12*K12,2)","v":0},null,{"$f":"ROUND($C12*M12,2)","v":0}]
[2,{"$f":"VLOOKUP($A13,ORÇAMENTO!$A$15:$J$63,2,FALSE)","v":"TERRAPLENAGEM"},{"$f":"ORÇAMENTO!J32","v":{"v":14905.43,"d":"R$ 14,905.43"}},{"$f":"C13/$C$17","v":{"v":0.05168529421902185,"d":"5.17%"}},{"v":0.7,"d":"70.00%"},{"$f":"ROUND($C13*E13,2)","v":{"v":10433.8,"d":"R$ 10,433.80"}},{"v":0.3,"d":"30.00%"},{"$f":"ROUND($C13*G13,2)","v":{"v":4471.63,"d":"R$ 4,471.63"}},null,0,null,{"$f":"ROUND($C13*K13,2)","v":0},null,{"$f":"ROUND($C13*M13,2)","v":0}]
[3,{"$f":"VLOOKUP($A14,ORÇAMENTO!$A$15:$J$63,2,FALSE)","v":"DRENAGEM"},{"$f":"ORÇAMENTO!J43","v":{"v":18523.269999999997,"d":"R$ 18,523.27"}},{"v":0.06423032813198819,"d":"6.42%"},{"v":0.6,"d":"60.00%"},{"$f":"ROUND($C14*E14,2)","v":{"v":11113.96,"d":"R$ 11,113.96"}},{"v":0.4,"d":"40.00%"},{"$f":"ROUND($C14*G14,2)","v":{"v":7409.31,"d":"R$ 7,409.31"}},null,0,null,0,null,0]
[4,{"$f":"VLOOKUP($A15,ORÇAMENTO!$A$15:$J$63,2,FALSE)","v":"PAVIMENTAÇÃO"},{"$f":"ORÇAMENTO!J53","v":{"v":209307.2,"d":"R$ 209,307.20"}},{"v":0.7257827660228287,"d":"72.58%"},{"v":0.25,"d":"25.00%"},{"v":52326.8,"d":"R$ 52,326.80"},{"v":0.75,"d":"75.00%"},{"$f":"ROUND($C15*G15,2)","v":{"v":156980.4,"d":"R$ 156,980.40"}},null,0,null,0,null,0]
[5,{"$f":"VLOOKUP($A16,ORÇAMENTO!$A$15:$J$63,2,FALSE)","v":"SINALIZAÇÃO"},{"$f":"ORÇAMENTO!J62","v":{"v":10815.22,"d":"R$ 10,815.22"}},{"v":0.03750229464989936,"d":"3.75%"},null,{"$f":"ROUND($C16*E16,2)","v":0},{"v":1,"d":"100.00%"},{"$f":"ROUND($C16*G16,2)","v":{"v":10815.22,"d":"R$ 10,815.22"}},null,{"$f":"ROUND($C16*I16,2)","v":0},null,{"$f":"ROUND($C16*K16,2)","v":0},null,{"$f":"ROUND($C16*M16,2)","v":0}]
["TOTAIS",null,{"$f":"SUM(C12:C16)","v":{"v":288388.22,"d":"R$ 288,388.22"}},{"$f":"SUM(D12:D16)","v":{"v":1,"d":"100.0%"}},{"$f":"F17/$C17","v":{"v":0.30448331072607615,"d":"30.45%"}},{"$f":"SUM(F12:F16)","v":{"v":87809.4,"d":"R$ 87,809.40"}},{"$f":"H17/$C17","v":{"v":0.6955166892739238,"d":"69.55%"}},{"$f":"SUM(H12:H16)","v":{"v":200578.81999999998,"d":"R$ 200,578.82"}},{"$f":"J17/$C17","v":{"v":0,"d":"0.00%"}},{"$f":"SUM(J12:J16)","v":0},{"$f":"L17/$C17","v":{"v":0,"d":"0.00%"}},{"$f":"SUM(L12:L16)","v":0},null,{"$f":"SUM(N12:N16)","v":0},{"$nulls":22}," "]
["TOTAL ACUMULADO (R$)",{"$nulls":3},{"$f":"E17","v":{"v":0.30448331072607615,"d":"30.45%"}},{"$f":"F17","v":{"v":87809.4,"d":"R$ 87,809.40"}},{"$f":"E18+G17","v":{"v":1,"d":"100.00%"}},{"$f":"H17+F18","v":{"v":288388.22,"d":"R$ 288,388.22"}},{"$f":"G18+I17","v":{"v":1,"d":"100.00%"}},{"$f":"J17+H18","v":{"v":288388.22,"d":"R$ 288,388.22"}},{"$f":"I18+K17","v":{"v":1,"d":"100.00%"}},{"$f":"L17+J18","v":{"v":288388.22,"d":"R$ 288,388.22"}},{"$f":"K18+M17","v":{"v":1,"d":"100.00%"}},{"$f":"N17+L18","v":{"v":288388.22,"d":"R$ 288,388.22"}}]
[]
[]
[]
[]
[]
[]
[null,null,{"$f":"ORÇAMENTO!B68","v":"Eng. Civil Lorenzo Schnorr Fornari"},{"$nulls":5},{"$f":"ORÇAMENTO!F130","v":"Prefeitura Municipal"}]
[null,null,{"$f":"ORÇAMENTO!B69","v":"CREA RS247702"},{"$nulls":5},{"$f":"ORÇAMENTO!F131","v":"de Cruzeiro do Sul/RS"}]

{"sheet":"BDI","index":2,"n_rows":41,"n_cols":9,"rows_kept":41,"merged":[[8,0,8,5],[9,0,9,5],[10,0,10,5],[13,0,14,0],[13,1,14,1],[13,2,13,4],[15,0,20,0],[20,2,20,4],[25,0,25,5],[27,0,27,5],[44,2,44,5],[49,0,49,5],[50,0,50,5],[55,0,55,5],[56,0,56,5]]}
[]
[]
[{"$f":"ORÇAMENTO!A7","v":"CRUZEIRO DO SUL/RS"},{"$nulls":4},{"$f":"ORÇAMENTO!I2","v":"Cruzeiro do Sul/RS, janeiro de 2022"}]
[{"$f":"ORÇAMENTO!A8","v":"LINHA SÍTIO"}]
[]
[]
[]
[]
["Cálculo do BDI – Conforme o Acórdão 2.622/2013 – TCU – PLENÁRIO"]
["INFRAESTRUTURA E PAVIMENTAÇÃO ASFÁLTICA DA LINHA SÍTIO"]
["CRUZEIRO DO SUL - RS"]
[]
[]
["Tipo de Obra","Item Componente","Taxas de BDI (%)",null,null,"Valores"]
[null,null,"1° Quartil","Médio","3° Quartil","Propostos (%)"]
["Construção de Rodovias e Ferrovias","Administração Central (AC)",{"v":3.8,"d":"3.80"},4.01,4.67,{"$f":"E16","v":4.67}]
[null,"Seguro + Garantia (S+G)",0.32,{"v":0.4,"d":"0.40"},0.74,{"$f":"E17","v":0.74}]
[null,"Riscos (R)",{"v":0.5,"d":"0.50"},0.56,0.97,{"$f":"E18","v":0.97}]
[null,"Despesas Financeiras (DF)",1.02,1.11,1.21,{"$f":"E19","v":1.21}]
[null,"Lucro (L)",6.64,{"v":7.3,"d":"7.30"},8.69,8.29]
[null,"Tributos - ISS, PIS, COFINS, CPRB - (T)","Conforme legislação específica",null,null,6.15]
[{"$nulls":5},24.23,null,"CPRB sem des. =",{"v":0,"d":"0.00%"}]
[{"$nulls":5},"Adotado/Calculado"]
[]
[{"$nulls":7},"SELIC (Dezembro)",14.14]
["Fórmula utilizada para o cálculo (Acórdão 2.622/2013 – TCU – PLENÁRIO):",{"$nulls":6},"DF=",1.01055175577225]
[]
["BDI = {[(1 + AC + S + R + G) x (1 + DF) x (1 + L)] / (1 – T)} - 1"]
[]
["Onde:"]
["PIS = 0,65 %"]
["ISS = 2,50 %"]
["COFINS = 3,00 %"]
["CPRB = 0,00 %"]
["Total de Tributos (T) = 6,15 %"]
[]
[]
[]
[]
[null,{"$f":"ORÇAMENTO!B130","v":"Eng. Civil Lorenzo Schnorr Fornari"},null,null,{"$f":"ORÇAMENTO!F130","v":"Prefeitura Municipal"}]
[null,{"$f":"ORÇAMENTO!B131","v":"CREA RS247702"},null,null,{"$f":"ORÇAMENTO!F131","v":"de Cruzeiro do Sul/RS"}]

{"sheet":"Encargos Sociais","index":3,"n_rows":53,"n_cols":13,"rows_kept":53,"merged":[[8,1,8,4],[9,1,11,1],[9,2,11,2],[9,3,9,4],[9,9,9,10],[9,11,9,12],[12,1,12,4],[23,1,23,4],[35,1,35,4],[42,1,42,4],[46,1,46,2],[47,1,47,2],[47,3,47,4],[47,9,47,10],[47,11,47,12],[51,1,51,2],[51,3,51,4],[52,1,52,2],[52,3,52,4]]}
[]
[null,{"$f":"ORÇAMENTO!A7","v":"CRUZEIRO DO SUL/RS"},null,null,{"$f":"ORÇAMENTO!I2","v":"Cruzeiro do Sul/RS, janeiro de 2022"}]
[null,{"$f":"ORÇAMENTO!A8","v":"LINHA SÍTIO"}]
[]
[]
[null,"RIO GRANDE DO SUL"]
[]
[]
[null,"ENCARGOS SOCIAIS SOBRE A MÃO DE OBRA"]
[null,"CÓDIGO","DESCRIÇÃO","SEM DESONERAÇÃO",{"$nulls":5},"COM DESONERAÇÃO",null,"SEM DESONERAÇÃO"]
[{"$nulls":3},"HORISTA","MENSALISTA",{"$nulls":4},"HORISTA","MENSALISTA","HORISTA","MENSALISTA"]
[{"$nulls":3},"%","%",{"$nulls":4},"%","%","%","%"]
[null,"GRUPO A"]
[null,"A1","INSS",{"$f":"IF($D$10=\"COM DESONERAÇÃO\",J14,L14)","v":{"v":0.2,"d":"20.00%"}},{"$f":"IF($D$10=\"COM DESONERAÇÃO\",K14,M14)","v":{"v":0.2,"d":"20.00%"}},{"$nulls":4},{"v":0,"d":"0.00%"},{"v":0,"d":"0.00%"},{"v":0.2,"d":"20.00%"},{"v":0.2,"d":"20.00%"}]
[null,"A2","SESI",{"$f":"IF($D$10=\"COM DESONERAÇÃO\",J15,L15)","v":{"v":0.015,"d":"1.50%"}},{"v":0.015,"d":"1.50%"},{"$nulls":4},{"v":0.015,"d":"1.50%"},{"v":0.015,"d":"1.50%"},{"v":0.015,"d":"1.50%"},{"v":0.015,"d":"1.50%"}]
[null,"A3","SENAI",{"v":0.01,"d":"1.00%"},{"v":0.01,"d":"1.00%"},{"$nulls":4},{"v":0.01,"d":"1.00%"},{"v":0.01,"d":"1.00%"},{"v":0.01,"d":"1.00%"},{"v":0.01,"d":"1.00%"}]
[null,"A4","INCRA",{"v":2E-3,"d":"0.20%"},{"v":2E-3,"d":"0.20%"},{"$nulls":4},{"v":2E-3,"d":"0.20%"},{"v":2E-3,"d":"0.20%"},{"v":2E-3,"d":"0.20%"},{"v":2E-3,"d":"0.20%"}]
[null,"A5","SEBRAE",{"v":0.006,"d":"0.60%"},{"v":0.006,"d":"0.60%"},{"$nulls":4},{"v":0.006,"d":"0.60%"},{"v":0.006,"d":"0.60%"},{"v":0.006,"d":"0.60%"},{"v":0.006,"d":"0.60%"}]
[null,"A6","Salário Educação",{"v":0.025,"d":"2.50%"},{"v":0.025,"d":"2.50%"},{"$nulls":4},{"v":0.025,"d":"2.50%"},{"v":0.025,"d":"2.50%"},{"v":0.025,"d":"2.50%"},{"v":0.025,"d":"2.50%"}]
[null,"A7","Seguro Contra Acidentes de Trabalho",{"v":0.03,"d":"3.00%"},{"v":0.03,"d":"3.00%"},{"$nulls":4},{"v":0.03,"d":"3.00%"},{"v":0.03,"d":"3.00%"},{"v":0.03,"d":"3.00%"},{"v":0.03,"d":"3.00%"}]
[null,"A8","FGTS",{"v":0.08,"d":"8.00%"},{"v":0.08,"d":"8.00%"},{"$nulls":4},{"v":0.08,"d":"8.00%"},{"v":0.08,"d":"8.00%"},{"v":0.08,"d":"8.00%"},{"v":0.08,"d":"8.00%"}]
[null,"A9","SECONCI",{"v":0,"d":"0.00%"},{"v":0,"d":"0.00%"},{"$nulls":4},{"v":0,"d":"0.00%"},{"v":0,"d":"0.00%"},{"v":0,"d":"0.00%"},{"v":0,"d":"0.00%"}]
[null,"A","Total",{"v":0.36800000000000005,"d":"36.80%"},{"v":0.36800000000000005,"d":"36.80%"},{"$nulls":4},{"$f":"SUM(J14:J22)","v":{"v":0.16799999999999998,"d":"16.80%"}},{"$f":"SUM(K14:K22)","v":{"v":0.16799999999999998,"d":"16.80%"}},{"$f":"SUM(L14:L22)","v":{"v":0.36800000000000005,"d":"36.80%"}},{"$f":"SUM(M14:M22)","v":{"v":0.36800000000000005,"d":"36.80%"}}]
[null,"GRUPO B"]
[null,"B1","Repouso Semanal Remunerado",{"$f":"IF($D$10=\"COM DESONERAÇÃO\",J25,L25)","v":{"v":0.1793,"d":"17.93%"}},{"$f":"IF($D$10=\"COM DESONERAÇÃO\",K25,M25)","v":"Não incide"},{"$nulls":4},{"v":0.1793,"d":"17.93%"},"Não incide",{"v":0.1793,"d":"17.93%"},"Não incide"]
[null,"B2","Feriados",{"$f":"IF($D$10=\"COM DESONERAÇÃO\",J26,L26)","v":{"v":0.0424,"d":"4.24%"}},"Não incide",{"$nulls":4},{"v":0.0424,"d":"4.24%"},"Não incide",{"v":0.0424,"d":"4.24%"},"Não incide"]
[null,"B3","Auxílio - Enfermidade",{"v":0.0089,"d":"0.89%"},{"v":0.0069,"d":"0.69%"},{"$nulls":4},{"v":0.0089,"d":"0.89%"},{"v":0.0069,"d":"0.69%"},{"v":0.0089,"d":"0.89%"},{"v":0.0069,"d":"0.69%"}]
[null,"B4","13º Salário",{"v":0.1077,"d":"10.77%"},{"v":0.0833,"d":"8.33%"},{"$nulls":4},{"v":0.1077,"d":"10.77%"},{"v":0.0833,"d":"8.33%"},{"v":0.1077,"d":"10.77%"},{"v":0.0833,"d":"8.33%"}]
[null,"B5","Licença Paternidade",{"v":0.0007,"d":"0.07%"},{"v":0.0006,"d":"0.06%"},{"$nulls":4},{"v":0.0007,"d":"0.07%"},{"v":0.0006,"d":"0.06%"},{"v":0.0007,"d":"0.07%"},{"v":0.0006,"d":"0.06%"}]
[null,"B6","Faltas Justificadas",{"v":0.0072,"d":"0.72%"},{"v":0.0056,"d":"0.56%"},{"$nulls":4},{"v":0.0072,"d":"0.72%"},{"v":0.0056,"d":"0.56%"},{"v":0.0072,"d":"0.72%"},{"v":0.0056,"d":"0.56%"}]
[null,"B7","Dias de Chuvas",{"v":0.0153,"d":"1.53%"},"Não incide",{"$nulls":4},{"v":0.0153,"d":"1.53%"},"Não incide",{"v":0.0153,"d":"1.53%"},"Não incide"]
[null,"B8","Auxílio Acidente de Trabalho",{"v":0.0011,"d":"0.11%"},{"v":0.0009,"d":"0.09%"},{"$nulls":4},{"v":0.0011,"d":"0.11%"},{"v":0.0009,"d":"0.09%"},{"v":0.0011,"d":"0.11%"},{"v":0.0009,"d":"0.09%"}]
[null,"B9","Férias Gozadas",{"v":0.074,"d":"7.40%"},{"v":0.0572,"d":"5.72%"},{"$nulls":4},{"v":0.074,"d":"7.40%"},{"v":0.0572,"d":"5.72%"},{"v":0.074,"d":"7.40%"},{"v":0.0572,"d":"5.72%"}]
[null,"B10","Salário Maternidade",{"v":0.0003,"d":"0.03%"},{"v":0.0003,"d":"0.03%"},{"$nulls":4},{"v":0.0003,"d":"0.03%"},{"v":0.0003,"d":"0.03%"},{"v":0.0003,"d":"0.03%"},{"v":0.0003,"d":"0.03%"}]
[null,"B","Total",{"v":0.43689999999999996,"d":"43.69%"},{"v":0.1548,"d":"15.48%"},{"$nulls":4},{"$f":"SUM(J25:J34)","v":{"v":0.43689999999999996,"d":"43.69%"}},{"$f":"SUM(K25:K34)","v":{"v":0.1548,"d":"15.48%"}},{"$f":"SUM(L25:L34)","v":{"v":0.43689999999999996,"d":"43.69%"}},{"v":0.1548,"d":"15.48%"}]
[null,"GRUPO C"]
[null,"C1","Aviso Prévio Indenizado",{"$f":"IF($D$10=\"COM DESONERAÇÃO\",J37,L37)","v":{"v":0.0428,"d":"4.28%"}},{"$f":"IF($D$10=\"COM DESONERAÇÃO\",K37,M37)","v":{"v":0.0332,"d":"3.32%"}},{"$nulls":4},{"v":0.0428,"d":"4.28%"},{"v":0.0332,"d":"3.32%"},{"v":0.0428,"d":"4.28%"},{"v":0.0332,"d":"3.32%"}]
[null,"C2","Aviso Prévio Trabalhado",{"$f":"IF($D$10=\"COM DESONERAÇÃO\",J38,L38)","v":{"v":1E-3,"d":"0.10%"}},{"v":0.0008,"d":"0.08%"},{"$nulls":4},{"v":1E-3,"d":"0.10%"},{"v":0.0008,"d":"0.08%"},{"v":1E-3,"d":"0.10%"},{"v":0.0008,"d":"0.08%"}]
[null,"C3","Férias Indenizadas",{"v":0.0529,"d":"5.29%"},{"v":0.0409,"d":"4.09%"},{"$nulls":4},{"v":0.0529,"d":"5.29%"},{"v":0.0409,"d":"4.09%"},{"v":0.0529,"d":"5.29%"},{"v":0.0409,"d":"4.09%"}]
[null,"C4","Depósito Rescisão Sem Justa Causa",{"v":0.0363,"d":"3.63%"},{"v":0.0281,"d":"2.81%"},{"$nulls":4},{"v":0.0363,"d":"3.63%"},{"v":0.0281,"d":"2.81%"},{"v":0.0363,"d":"3.63%"},{"v":0.0281,"d":"2.81%"}]
[null,"C5","Indenização Adicional",{"v":0.0036,"d":"0.36%"},{"v":2.8E-3,"d":"0.28%"},{"$nulls":4},{"v":0.0036,"d":"0.36%"},{"v":2.8E-3,"d":"0.28%"},{"v":0.0036,"d":"0.36%"},{"v":2.8E-3,"d":"0.28%"}]
[null,"C","Total",{"v":0.1366,"d":"13.66%"},{"v":0.10579999999999999,"d":"10.58%"},{"$nulls":4},{"$f":"SUM(J37:J41)","v":{"v":0.1366,"d":"13.66%"}},{"$f":"SUM(K37:K41)","v":{"v":0.10579999999999999,"d":"10.58%"}},{"v":0.1366,"d":"13.66%"},{"v":0.10579999999999999,"d":"10.58%"}]
[null,"GRUPO D"]
[null,"D1","Reincidência de Grupo A sobre Grupo B",{"$f":"IF($D$10=\"COM DESONERAÇÃO\",J44,L44)","v":{"v":0.1608,"d":"16.08%"}},{"v":0.057,"d":"5.70%"},{"$nulls":4},{"v":0.0734,"d":"7.34%"},{"v":0.026,"d":"2.60%"},{"v":0.1608,"d":"16.08%"},{"v":0.057,"d":"5.70%"}]
[null,"D2","Reincidência de Grupo A sobre Aviso Prévio Trabalhado e Reincidência do FGTS sobre Aviso Prévio Indenizado",{"v":3.8E-3,"d":"0.38%"},{"v":0.003,"d":"0.30%"},{"$nulls":4},{"v":0.0036,"d":"0.36%"},{"v":2.8E-3,"d":"0.28%"},{"v":3.8E-3,"d":"0.38%"},{"v":0.003,"d":"0.30%"}]
[null,"D","Total",{"v":0.1646,"d":"16.46%"},{"v":0.060000000000000005,"d":"6.00%"},{"$nulls":4},{"$f":"SUM(J44:J45)","v":{"v":0.07700000000000001,"d":"7.70%"}},{"$f":"SUM(K44:K45)","v":{"v":0.0288,"d":"2.88%"}},{"$f":"SUM(L44:L45)","v":{"v":0.1646,"d":"16.46%"}},{"$f":"SUM(M44:M45)","v":{"v":0.060000000000000005,"d":"6.00%"}}]
[null,"TOTAL(A+B+C+D)",null,{"v":1.1061,"d":"110.61%"},{"v":0.6886000000000001,"d":"68.86%"},{"$nulls":4},{"$f":"SUM(J23,J35,J42,J46)","v":{"v":0.8185,"d":"81.85%"}},{"$f":"SUM(K23,K35,K42,K46)","v":{"v":0.4574,"d":"45.74%"}},{"v":1.1061,"d":"110.61%"},{"v":0.6886000000000001,"d":"68.86%"}]
[null,"ENCARGOS SOCIAIS ADOTADOS",null,{"v":0.8973500000000001,"d":"89.74%"},{"$nulls":4},"Média:",{"$f":"AVERAGE(J47:K47)","v":{"v":0.63795,"d":"63.80%"}},null,{"$f":"AVERAGE(L47:M47)","v":{"v":0.8973500000000001,"d":"89.74%"}}]
[]
[]
[]
[null,{"$f":"ORÇAMENTO!B130","v":"Eng. Civil Lorenzo Schnorr Fornari"},null,{"$f":"ORÇAMENTO!F130","v":"Prefeitura Municipal"}]
[null,{"$f":"ORÇAMENTO!B131","v":"CREA RS247702"},null,{"$f":"ORÇAMENTO!F131","v":"de Cruzeiro do Sul/RS"}]

{"sheet":"MOBILIZAÇÃO-CPU ","index":4,"n_rows":49,"n_cols":9,"rows_kept":49,"merged":[[11,0,11,8],[20,0,21,0],[20,1,21,1],[20,2,21,2],[20,3,21,3],[20,4,20,5],[20,6,21,6],[20,7,21,7],[20,8,21,8]]}
[]
[]
[]
["CPU 03"]
[{"$nulls":7},{"$f":"ORÇAMENTO!I2","v":"Cruzeiro do Sul/RS, janeiro de 2022"}]
["CRUZEIRO DO SUL/RS - RS"]
["RODOVIA RS 130"]
[]
[]
[]
[]
["DEMONSTRATIVO DE MOBILIZAÇÃO E DESMOBILIZAÇÃO DE EQUIPAMENTOS"]
[]
[{"$nulls":3},"Distâncias de Transporte:"]
[{"$nulls":7},"Velocidade média (km/h):",{"v":40,"d":"40.00"}]
[{"$nulls":7},"Tempo médio de viagem (h):",{"$f":"E18/I15/24","v":"00:36:00"}]
[]
[{"$nulls":3},"Adotada:",24,"km"]
[]
[]
["ITEM","DESCRIÇÃO","QUANTIDADE","TEMPO DE VIAGEM","REFERÊNCIA DE PREÇO",null,"NÚMERO DE VIAGENS","VALOR UNITÁRIO (R$/H)","VALOR TOTAL (R$)"]
[{"$nulls":4},"TABELA","CÓDIGO"]
[1,"Transporte de equipamentos pesados"]
["1.1","Deslocamento com cavalo mecânico + reboque",{"$f":"SUM(C25:C34)","v":20},{"$f":"$E$18/$I$15","v":{"v":0.6,"d":"0.60"}},"SICRO 2","A9321",2,200.88,{"$f":"ROUND(H24*G24*D24*C24,2)","v":{"v":4821.12,"d":"R$ 4,821.12"}}]
["1.2","Trator de esteiras",2]
["1.3","Motoniveladora",2]
["1.4","Retroescavadeira",2]
["1.5","Escavadeira hidráulica",2]
["1.6","Rolo compactador liso",2]
["1.7","Rolo compactador pneus",2]
["1.8","Rolo compactador pé de carneiro",2]
["1.9","Rolo compactador pé de tandem",2]
["1.10","Vibro-acabadora de asfalto",2]
["1.11","Trator agrícola",2]
[{"$nulls":7},"SUBTOTAL",{"$f":"SUM(I24:I34)","v":{"v":4821.12,"d":"R$ 4,821.12"}}]
[]
[2,"Deslocamento de veículos"]
["2.1","Distribuidor de asfalto",2,{"$f":"$E$18/$I$15","v":{"v":0.6,"d":"0.60"}},"SICRO 2","E9509",2,159.23,{"$f":"H38*G38*D38*C38","v":{"v":382.152,"d":"R$ 382.15"}}]
["2.2","Caminhão tanque",2,{"v":0.6,"d":"0.60"},"SICRO 2","E9669",2,160.43,{"v":385.032,"d":"R$ 385.03"}]
["2.3","Caminhão pipa",2,{"v":0.6,"d":"0.60"},"SICRO 2","E9571",2,196.06,{"v":470.544,"d":"R$ 470.54"}]
["2.4","Caminhão basculante 6 m³",4,{"v":0.6,"d":"0.60"},"SICRO 2","E9506",2,114.04,{"v":547.392,"d":"R$ 547.39"}]
["2.5","Caminhão basculante 10 m³",8,{"v":0.6,"d":"0.60"},"SICRO 2","E9579",2,156.24,{"v":1499.904,"d":"R$ 1,499.90"}]
["2.6","Caminhão carroceria",2,{"v":0.6,"d":"0.60"},"SICRO 2","E9508",2,114.65,{"v":275.16,"d":"R$ 275.16"}]
[{"$nulls":7},"SUBTOTAL",{"$f":"SUM(I38:I43)","v":{"v":3560.184,"d":"R$ 3,560.18"}}]
[]
[]
[{"$nulls":7},"TOTAL",{"$f":"I44+I35","v":{"v":8381.304,"d":"R$ 8,381.30"}}]
[{"$nulls":7},"BDI = 24,23%",{"$f":"ROUND(I47*0.2423,2)","v":{"v":2030.79,"d":"R$ 2,030.79"}}]
["SICRO JANEIRO/2021",{"$nulls":6},"TOTAL GERAL",{"$f":"I47+I48","v":{"v":10412.094000000001,"d":"R$ 10,412.09"}}]

{"sheet":"ADM LOCAL-CPU","index":5,"n_rows":25,"n_cols":10,"rows_kept":25,"merged":[[12,0,12,9],[17,0,18,0],[17,1,18,1],[17,2,18,2],[17,3,18,3],[17,4,18,4],[17,5,17,6],[17,7,18,7],[17,8,18,8],[17,9,18,9]]}
[]
[]
[]
["CPU 04"]
[]
[{"$nulls":8},{"$f":"'MOBILIZAÇÃO-CPU '!$H$5","v":"Cruzeiro do Sul/RS, janeiro de 2022"}]
[]
[{"$f":"'MOBILIZAÇÃO-CPU '!A6","v":"CRUZEIRO DO SUL/RS - RS"}]
[{"$f":"'MOBILIZAÇÃO-CPU '!A7","v":"RODOVIA RS 130"}]
[]
[]
[]
["DEMONSTRATIVO DE ADMINISTRAÇÃO LOCAL"]
[]
[]
[]
[]
["ITEM","DESCRIÇÃO","QUANTIDADE","USO PROD. (h)","USO IMP. (h)","REFERÊNCIA DE PREÇO",null,"VALOR HORA PRODUTIVO (R$/H)","VALOR HORA IMPRODUTIVO (R$/H)","VALOR TOTAL (R$)"]
[{"$nulls":5},"TABELA","CÓDIGO"]
[1,"Equipe Técnica da Obra"]
["1.1","Engenheiro Pleno",1,{"$f":"TRUNC(4*2*4,2)","v":32},null,"SINAPI",2707,{"v":105.1,"d":"R$ 105.10"},null,{"$f":"H21*D21","v":{"v":3363.2,"d":"R$ 3,363.20"}}]
["1.2","Encarregado Geral",1,{"$f":"TRUNC(4*4*8,2)","v":128},null,"SINAPI",4083,{"v":42.28,"d":"R$ 42.28"},null,{"$f":"H22*D22","v":{"v":5411.84,"d":"R$ 5,411.84"}}]
[{"$nulls":8},"TOTAL",{"$f":"SUM(J21:J22)","v":{"v":8775.04,"d":"R$ 8,775.04"}}]
[{"$nulls":8},"BDI = 24,23%",{"$f":"ROUND(J23*0.2423,2)","v":{"v":2126.19,"d":"R$ 2,126.19"}}]
["SINAPI AGO/2021",{"$nulls":7},"TOTAL GERAL",{"$f":"J23+J24","v":{"v":10901.230000000001,"d":"R$ 10,901.23"}}]

{"sheet":"CPU","index":6,"n_rows":151,"n_cols":11,"rows_kept":151,"merged":[[0,0,0,7],[2,0,2,7],[12,1,13,4],[28,1,29,4],[47,1,48,4],[67,1,68,4],[118,1,119,4]]}
[{"$f":"ORÇAMENTO!I2","v":"Cruzeiro do Sul/RS, janeiro de 2022"}]
[]
["SINAPI - SISTEMA NACIONAL DE PESQUISA DE CUSTOS E ÍNDICES DA CONSTRUÇÃO CIVIL (COMPOSIÇÃO DE PREÇOS UNITÁRIOS)"]
[]
["CPU 01",null,null,"PLACA RETANGULAR 1,20 x 2,40 M (INFORMAÇÃO) - SUPORTE METÁLICO",{"$nulls":3},"UNIDADE"]
["ORDEM","REFERÊNCIA","CÓDIGO","DESCRIÇÃO","UNIDADE","COEFICIENTE","CUSTO UNIT. (R$)","TOTAL (R$)"]
[1,"SINAPI",34723,"PLACA DE SINALIZACAO EM CHAPA DE ACO NUM 16 COM PINTURA REFLETIVA","M2",2.88,519.75,{"$f":"ROUND(F7*G7,2)","v":1496.88}]
[2,"SINAPI",21014,"TUBO ACO GALVANIZADO COM COSTURA, CLASSE LEVE, DN 65 MM ( 2 1/2\"),  E = 3,35 MM, * 6,23* KG/M (NBR 5580)","M",5,140.66,{"v":703.3,"d":"703.30"}]
[3,"SINAPI",88316,"SERVENTE COM ENCARGOS COMPLEMENTARES","h",2,17.76,35.52]
[]
[]
[{"$nulls":5},"CUSTO (m²)",null,{"$f":"SUM(H7:H11)","v":{"v":2235.7000000000003,"d":"R$ 2,235.70"}}]
["OBS:",{"$nulls":4},"BDI =",{"v":0.2423,"d":"24.23%"},{"$f":"ROUND(H12*G13,2)","v":{"v":541.71,"d":"R$ 541.71"}}]
[]
[{"$nulls":5},"PREÇO FINAL",null,{"$f":"H12+H13","v":{"v":2777.4100000000003,"d":"R$ 2,777.41"}}]
[]
[]
["CPU 02",null,null,"SERVICOS TOPOGRAFICOS PARA PAVIMENTACAO, INCLUSIVE NOTA DE SERVICOS, ACOMPANHAMENTO E GREIDE",{"$nulls":3},"M2"]
["ORDEM","REFERÊNCIA","CÓDIGO","DESCRIÇÃO","UNIDADE","COEFICIENTE","CUSTO UNIT. (R$)","TOTAL (R$)"]
[1,"SINAPI",4460,"SARRAFO NAO APARELHADO *2,5 X 10* CM, EM MACARANDUBA, ANGELIM OU EQUIVALENTE DA REGIAO -  BRUTA","M",0.00288,5.61,{"$f":"ROUND(F20*G20,2)","v":0.02}]
[2,"SINAPI",90781,"TOPOGRAFO COM ENCARGOS COMPLEMENTARES","h",0.0075,{"v":31.8,"d":"31.80"},0.24]
[3,"SINAPI",88253,"AUXILIAR DE TOPÓGRAFO COM ENCARGOS COMPLEMENTARES","h",0.0025,13.69,0.03]
[4,"SINAPI",88288,"NIVELADOR COM ENCARGOS COMPLEMENTARES","h",0.0025,16.94,0.04]
[5,"SINAPI",88316,"SERVENTE COM ENCARGOS COMPLEMENTARES","h",0.0075,17.76,{"$f":"ROUND(F24*G24,2)","v":0.13}]
[6,"SINAPI",92145,"CAMINHONETE CABINE SIMPLES COM MOTOR 1.6 FLEX, CÂMBIO MANUAL, POTÊNCIA 101/104 CV, 2 PORTAS - CHP DIURNO. AF_11/2015","CHP",1E-3,69.66,0.07]
[]
[]
[{"$nulls":5},"CUSTO (m²)",null,{"$f":"SUM(H20:H27)","v":{"v":0.53,"d":"R$ 0.53"}}]
["OBS:",{"$nulls":4},"BDI =",{"v":0.2423,"d":"24.23%"},{"$f":"ROUND(H28*G29,2)","v":{"v":0.13,"d":"R$ 0.13"}}]
[]
[{"$nulls":5},"PREÇO FINAL",null,{"$f":"H28+H29","v":{"v":0.66,"d":"R$ 0.66"}}]
[]
[]
["96401 - CPU 05",null,null,"EXECUÇÃO DE IMPRIMAÇÃO COM ASFALTO DILUÍDO CM-30. AF_11/2019",{"$nulls":3},"M2"]
["ORDEM","REFERÊNCIA","CÓDIGO","DESCRIÇÃO","UNIDADE","COEFICIENTE","CUSTO UNIT. (R$)","TOTAL (R$)"]
[1,"SINAPI",5839,"VASSOURA MECÂNICA REBOCÁVEL C/ ESCOVA CILÍNDRICA LARGURA = 2,44M - CHP DIURNO","CHP",0.0017,9.35,{"$f":"ROUND(F36*G36,2)","v":0.02}]
[2,"SINAPI",41901,"ASFALTO DILUIDO DE PETROLEO CM-30 (INCLUSIVE IMPOSTOS)","kg",1.2,{"$f":"ROUND(5.45*(1+0.0165+0.076),2)","v":5.95},7.14]
[3,"SINAPI",83362,"ESPARGIDOR DE ASFALTO PRESSURIZADO, TANQUE 6 M3 COM ISOLAÇÃO TÉRMICA AQUECIDO COM 2 MAÇARICOS, COM BARRA ESPARGIDORA 3,60 M, MONTADO SOBRE CAMINHÃO TOCO, PBT 14.300 KG, POTÊNCIA 185 CV - CHP DIURNO. AF_08/2015"," CHP ",1E-3,224.37,0.22]
[4,"SINAPI",88316,"SERVENTE COM ENCARGOS COMPLEMENTARES","h",2E-3,17.76,0.04]
[5,"SINAPI",89035,"TRATOR DE PNEUS, POTÊNCIA 85 CV, TRAÇÃO 4X4, PESO COM LASTRO DE 4.675 KG - CHP DIURNO. AF_06/2014"," CHP ",0.0017,142.68,0.24]
[6,"SINAPI",89036,"TRATOR DE PNEUS, POTÊNCIA 85 CV, TRAÇÃO 4X4, PESO COM LASTRO DE 4.675 KG - CHI DIURNO. AF_06/2014","CHI",1.4E-3,40.88,0.06]
[7,"SINAPI",91486,"ESPARGIDOR DE ASFALTO PRESSURIZADO, TANQUE 6 M3 COM ISOLAÇÃO TÉRMICA, AQUE CHICIDO COM 2 MAÇARICOS, COM BARRA ESPARGIDORA 3,60 M, MONTADO SOBRE CAMINHÃO TOCO, PBT 14.300 KG, POTÊNCIA 185 CV - CHI DIURNO. AF_08/2015","CHI",1E-3,47.95,0.05]
[8,"SINAPI",102332,"TRANSPORTE COM CAMINHÃO TANQUE DE TRANSPORTE DE MATERIAL ASFÁLTICO DE 20000 L, EM VIA URBANA PAVIMENTADA, DMT 30 KM (UNIDADE: TXKM). AF_07/2020","TXKM",{"$f":"ROUND(30*0.0012,2)","v":0.04},1.39,{"$f":"ROUND(F43*G43,2)","v":0.06}]
[9,"SINAPI",102333,"TRANSPORTE COM CAMINHÃO TANQUE DE TRANSPORTE DE MATERIAL ASFÁLTICO DE 20000 L, EM VIA URBANA PAVIMENTADA, DMT 70 KM (UNIDADE: TXKM). AF_07/2020","TXKM",{"$f":"ROUND(70*0.0012,2)","v":0.08},0.56,0.04]
[]
[]
[{"$nulls":5},"CUSTO (m²)",null,{"$f":"SUM(H36:H46)","v":{"v":7.869999999999998,"d":"R$ 7.87"}}]
["OBS:","No cálculo dos preços médios mensais divulgados no sítio eletrônico da ANP, somente são considerados os preços à vista dos produtos asfálticos, de acordo com suas regiões de origem, ponderados pelos respectivos volumes comercializados, com todos os impostos incluídos, exceto ICMS (em função das diferenças tributárias existentes entre as unidades da federação), PIS/Pasep e Cofins e sem inclusões de fretes entre origem e destino do produto.",{"$nulls":3},"BDI =",{"v":0.2423,"d":"24.23%"},{"$f":"ROUND(H47*G48,2)","v":{"v":1.91,"d":"R$ 1.91"}}]
[]
[null,"Considerado: 1,65% PIS, 7,6% COFINS",{"$nulls":3},"PREÇO FINAL",null,{"$f":"H47+H48","v":{"v":9.779999999999998,"d":"R$ 9.78"}}]
[]
[]
["96402 - CPU 06",null,null,"EXECUÇÃO DE PINTURA DE LIGAÇÃO COM EMULSÃO ASFÁLTICA RR-2C. AF_11/2019",{"$nulls":3},"M2"]
["ORDEM","REFERÊNCIA","CÓDIGO","DESCRIÇÃO","UNIDADE","COEFICIENTE","CUSTO UNIT. (R$)","TOTAL (R$)"]
[1,"SINAPI",5839,"VASSOURA MECÂNICA REBOCÁVEL COM ESCOVA CILÍNDRICA, LARGURA ÚTIL DE VARRIMENTO DE 2,44 M - CHP DIURNO. AF_06/2014","CHP",2E-3,9.35,{"$f":"ROUND(F55*G55,2)","v":0.02}]
[2,"SINAPI",5841,"VASSOURA MECÂNICA REBOCÁVEL COM ESCOVA CILÍNDRICA, LARGURA ÚTIL DE VARRIMENTO DE 2,44 M - CHI DIURNO. AF_06/2014","CHI",0.004,4.45,{"$f":"ROUND(F56*G56,2)","v":0.02}]
[3,"SINAPI",41903,"EMULSAO ASFALTICA CATIONICA RR-2C PARA USO EM PAVIMENTACAO ASFALTICA (COLETADO CAIXA NA ANP - ACRESCIDO DE ICMS, PIS E COFINS)","kg",0.45,{"$f":"ROUND(3.33*(1+0.0165+0.076),2)","v":3.64},{"$f":"ROUND(F57*G57,2)","v":1.64}]
[4,"SINAPI",83362,"ESPARGIDOR DE ASFALTO PRESSURIZADO, TANQUE 6 M3 COM ISOLAÇÃO TÉRMICA AQUECIDO COM 2 MAÇARICOS, COM BARRA ESPARGIDORA 3,60 M, MONTADO SOBRE\n CAMINHÃO TOCO, PBT 14.300 KG, POTÊNCIA 185 CV - CHP DIURNO. AF_08/2015"," CHP ",0.0004,224.37,{"$f":"ROUND(F58*G58,2)","v":0.09}]
[5,"SINAPI",88316,"SERVENTE COM ENCARGOS COMPLEMENTARES","h",0.0055,17.76,{"v":0.1,"d":"0.10"}]
[5,"SINAPI",89035,"TRATOR DE PNEUS, POTÊNCIA 85 CV, TRAÇÃO 4X4, PESO COM LASTRO DE 4.675 KG - CHP DIURNO. AF_06/2014"," CHP ",0.0017,142.68,0.24]
[6,"SINAPI",89036,"TRATOR DE PNEUS, POTÊNCIA 85 CV, TRAÇÃO 4X4, PESO COM LASTRO DE 4.675 KG - CHI DIURNO. AF_06/2014","CHI",3.8E-3,40.88,0.16]
[8,"SINAPI",91486,"ESPARGIDOR DE ASFALTO PRESSURIZADO, TANQUE 6 M3 COM ISOLAÇÃO TÉRMICA, AQUE CHICIDO COM 2 MAÇARICOS, COM BARRA ESPARGIDORA 3,60 M, MONTADO SOBRE CAMINHÃO TOCO, PBT 14.300 KG, POTÊNCIA 185 CV - CHI DIURNO. AF_08/2015"," CHI ",0.0051,47.95,{"$f":"ROUND(F62*G62,2)","v":0.24}]
[9,"SINAPI",102332,"TRANSPORTE COM CAMINHÃO TANQUE DE TRANSPORTE DE MATERIAL ASFÁLTICO DE 20000 L, EM VIA URBANA PAVIMENTADA, DMT 30 KM (UNIDADE: TXKM). AF_07/2020","TXKM",{"$f":"ROUND(30*0.00045,2)","v":0.01},1.39,0.01]
[10,"SINAPI",102333,"TRANSPORTE COM CAMINHÃO TANQUE DE TRANSPORTE DE MATERIAL ASFÁLTICO DE 20000 L, EM VIA URBANA PAVIMENTADA, DMT 70 KM (UNIDADE: TXKM). AF_07/2020","TXKM",{"$f":"ROUND(70*0.00045,2)","v":0.03},0.56,{"$f":"ROUND(F64*G64,2)","v":0.02}]
[]
[]
[{"$nulls":5},"CUSTO (m²)",null,{"$f":"SUM(H57:H66)","v":{"v":2.5000000000000004,"d":"R$ 2.50"}}]
["OBS:","No cálculo dos preços médios mensais divulgados no sítio eletrônico da ANP, somente são considerados os preços à vista dos produtos asfálticos, de acordo com suas regiões de origem, ponderados pelos respectivos volumes comercializados, com todos os impostos incluídos, exceto ICMS (em função das diferenças tributárias existentes entre as unidades da federação), PIS/Pasep e Cofins e sem inclusões de fretes entre origem e destino do produto.",{"$nulls":3},"BDI =",{"v":0.2423,"d":"24.23%"},{"$f":"ROUND(H67*G68,2)","v":{"v":0.61,"d":"R$ 0.61"}}]
[]
[null,"Considerado: 1,65% PIS, 7,6% COFINS",{"$nulls":3},"PREÇO FINAL",null,{"$f":"H67+H68","v":{"v":3.1100000000000003,"d":"R$ 3.11"}}]
[]
[]
[]
[]
["95995 - CPU 07",null,null,"EXECUÇÃO DE PAVIMENTO COM APLICAÇÃO DE CONCRETO ASFÁLTICO, CAMADA DE ROLAMENTO - EXCLUSIVE CARGA E TRANSPORTE. AF_11/2019",{"$nulls":3},"M3"]
["ORDEM","REFERÊNCIA","CÓDIGO","DESCRIÇÃO","UNIDADE","COEFICIENTE","CUSTO UNIT. (R$)","TOTAL (R$)"]
[1,"SINAPI",101021,"USINAGEM DE CBUQ COM CAP 50/70, PARA CAPA DE ROLAMENTO ","T",2.5548,{"$f":"H118","v":{"v":438.0399999999999,"d":"438.04"}},{"$f":"ROUND(F77*G77,2)","v":{"v":1119.1,"d":"1119.10"}}]
[3,"SINAPI",5835,"VIBROACABADORA DE ASFALTO SOBRE ESTEIRAS, LARGURA DE PAVIMENTAÇÃO 1,90 M A 5,30 M, POTÊNCIA 105 HP CAPACIDADE 450 T/H - CHP DIURNO. AF_11/2014","CHP",0.0464,292.97,13.59]
[4,"SINAPI",5837,"VIBROACABADORA DE ASFALTO SOBRE ESTEIRAS, LARGURA DE PAVIMENTAÇÃO 1,90 M A 5,30 M, POTÊNCIA 105 HP CAPACIDADE 450 T/H - CHI DIURNO. AF_11/2014","CHI",0.0949,111.01,10.53]
[2,"SINAPI",88314,"RASTELEIRO COM ENCARGOS COMPLEMENTARES","h",1.1301,19.06,{"$f":"ROUND(F80*G80,2)","v":21.54}]
[11,"SINAPI",91386,"CAMINHÃO BASCULANTE 10 M3, TRUCADO CABINE SIMPLES, PESO BRUTO TOTAL 23.000 KG, CARGA ÚTIL MÁXIMA 15.935 KG, DISTÂNCIA ENTRE EIXOS 4,80 M, POTÊNCIA 230 CV INCLUSIVE CAÇAMBA METÁLICA - CHP DIURNO. AF_06/2014","CHP",0.0464,191.49,{"$f":"ROUND(F81*G81,2)","v":8.89}]
[7,"SINAPI",95631,"ROLO COMPACTADOR VIBRATORIO TANDEM, ACO LISO, POTENCIA 125 HP, PESO SEM/COM LASTRO 10,20/11,65 T, LARGURA DE TRABALHO 1,73 M - CHP DIURNO. AF_11/2016","CHP",0.0805,174.61,{"$f":"ROUND(F82*G82,2)","v":14.06}]
[8,"SINAPI",95632,"ROLO COMPACTADOR VIBRATORIO TANDEM, ACO LISO, POTENCIA 125 HP, PESO SEM/COM LASTRO 10,20/11,65 T, LARGURA DE TRABALHO 1,73 M - CHI DIURNO. AF_11/2016","CHI",0.0607,62.03,{"$f":"ROUND(F83*G83,2)","v":3.77}]
[10,"SINAPI",96155,"TRATOR DE PNEUS COM POTÊNCIA DE 85 CV, TRAÇÃO 4X4, COM VASSOURA MECÂNICA ACOPLADA - CHI DIURNO. AF_02/2017","CHI",0.1071,45.12,{"$f":"ROUND(F84*G84,2)","v":4.83}]
[9,"SINAPI",96157,"TRATOR DE PNEUS COM POTÊNCIA DE 85 CV, TRAÇÃO 4X4, COM VASSOURA MECÂNICA ACOPLADA - CHP DIURNO. AF_03/2017","CHP",0.0341,{"v":151,"d":"151.00"},5.15]
[5,"SINAPI",96463,"ROLO COMPACTADOR DE PNEUS, ESTATICO, PRESSAO VARIAVEL, POTENCIA 110 HP, PESO SEM/COM LASTRO 10,8/27 T, LARGURA DE ROLAGEM 2,30 M - CHP DIURNO. AF_06/2017","CHP",0.0419,164.95,{"$f":"ROUND(F86*G86,2)","v":6.91}]
[6,"SINAPI",96464,"ROLO COMPACTADOR DE PNEUS, ESTATICO, PRESSAO VARIAVEL, POTENCIA 110 HP, PESO SEM/COM LASTRO 10,8/27 T, LARGURA DE ROLAGEM 2,30 M - CHI DIURNO. AF_06/2017","CHI",0.099,66.54,{"$f":"ROUND(F87*G87,2)","v":6.59}]
[]
[]
[{"$nulls":5},"CUSTO (m³)",null,{"$f":"SUM(H77:H89)","v":{"v":1214.9599999999998,"d":"R$ 1,214.96"}}]
["OBS:",{"$nulls":4},"BDI =",{"v":0.2423,"d":"24.23%"},{"$f":"ROUND(H90*G91,2)","v":{"v":294.38,"d":"R$ 294.38"}}]
[]
[{"$nulls":5},"PREÇO FINAL",null,{"$f":"H90+H91","v":{"v":1509.3399999999997,"d":"R$ 1,509.34"}}]
[]
[]
[]
[]
["101021 - CPU 08",null,null,"USINAGEM DE CONCRETO ASFÁLTICO COM CAP 50/70, PARA CAMADA DE ROLAMENTO, PADRÃO DNIT FAIXA C, EM USINA DE ASFALTO CONTÍNUA DE 80 TON/H. AF_03/2020",{"$nulls":3},"T"]
["ORDEM","REFERÊNCIA","CÓDIGO","DESCRIÇÃO","UNIDADE","COEFICIENTE","CUSTO UNIT. (R$)","TOTAL (R$)"]
[1,"SINAPI",370,"AREIA MEDIA","M3",0.3248,{"v":66,"d":"66.00"},{"$f":"ROUND(F100*G100,2)","v":21.44}]
[2,"SINAPI",1106,"CAL HIDRATADA CH-I PARA ARGAMASSAS","kg",56.2,0.68,38.22]
[3,"SINAPI",4720,"PEDRA BRITADA N. 0, OU PEDRISCO (4,8 A 9,5 MM) POSTO PEDREIRA/FORNECEDOR, SEM FRETE","M3",0.1998,63.85,12.76]
[4,"SINAPI",4721,"PEDRA BRITADA N. 1 OU 19 MM","M3",0.0625,{"v":55.3,"d":"55.30"},3.46]
[5,"SINAPI",5944,"PÁ CARREGADEIRA SOBRE RODAS, POTÊNCIA LÍQUIDA 128 HP, CAPACIDADE DA CAÇAMBA 1,7 A 2,8 M3, PESO OPERACIONAL 11632 KG - CHP DIURNO. AF_06/2014"," CHP ",0.0048,{"v":152,"d":"152.00"},0.73]
[6,"SINAPI",5944,"PÁ CARREGADEIRA SOBRE RODAS, POTÊNCIA LÍQUIDA 128 HP, CAPACIDADE DA CAÇAMBA 1,7 A 2,8 M3, PESO OPERACIONAL 11632 KG - CHI DIURNO. AF_06/2014"," CHI ",0.0179,56.98,{"$f":"ROUND(F105*G105,2)","v":1.02}]
[7,"SINAPI",7030,"TANQUE DE ASFALTO ESTACIONÁRIO COM SERPENTINA, CAPACIDADE 30.000 L - CHP DIURNO. AF_06/2014","CHP",0.0455,175.14,7.97]
[8,"SINAPI",41899,"CIMENTO ASFALTICO DE PETROLEO A GRANEL (CAP) 50/70  (INCLUSIVE IMPOSTOS)","T",0.06323,{"$f":"ROUND(4300.75*(1+0.0165+0.076),2)","v":4698.57},297.09]
[9,"SINAPI",88316,"SERVENTE C/ INSALUBRIDADE","h",0.0455,17.76,0.81]
[10,"SINAPI",90766,"ENCARREGADO GERAL COM ENCARGOS COMPLEMENTARES","h",0.0227,44.54,{"$f":"ROUND(F109*G109,2)","v":1.01}]
[11,"SINAPI",93433,"USINA DE MISTURA ASFÁLTICA À QUENTE, TIPO CONTRA FLUXO, PROD 40 A 80 TON/HORA - CHP DIURNO. AF_03/2016","CHP",0.0176,2477.37,{"v":43.6,"d":"43.60"}]
[12,"SINAPI",93434,"USINA DE MISTURA ASFÁLTICA À QUENTE, TIPO CONTRA FLUXO, PROD 40 A 80 TON/HORA - CHI DIURNO. AF_03/2016","CHI",0.0051,188.77,{"$f":"ROUND(F111*G111,2)","v":0.96}]
[13,"SINAPI",95872,"GRUPO GERADOR COM CARENAGEM, MOTOR DIESEL POTÊNCIA STANDART ENTRE 250 E 260 KVA - CHP DIURNO. AF_12/2016","CHP",0.0176,217.06,3.82]
[14,"SINAPI",95873,"GRUPO GERADOR COM CARENAGEM, MOTOR DIESEL POTÊNCIA STANDART ENTRE 250 E 260 KVA - CHI DIURNO. AF_12/2016","CHI",0.0051,6.65,0.03]
[15,"SINAPI",102332,"TRANSPORTE COM CAMINHÃO TANQUE DE TRANSPORTE DE MATERIAL ASFÁLTICO DE 20000 L, EM VIA URBANA PAVIMENTADA, DMT 30 KM (UNIDADE: TXKM). AF_07/2020","TXKM",{"$f":"ROUND(30*0.06323,2)","v":1.9},1.39,2.64]
[16,"SINAPI",102333,"TRANSPORTE COM CAMINHÃO TANQUE DE TRANSPORTE DE MATERIAL ASFÁLTICO DE 20000 L, EM VIA URBANA PAVIMENTADA, DMT 70 KM (UNIDADE: TXKM). AF_07/2020","TXKM",{"$f":"ROUND(70*0.06323,2)","v":4.43},0.56,2.48]
[]
[]
[{"$nulls":5},"CUSTO (ton)",null,{"$f":"SUM(H100:H117)","v":{"v":438.0399999999999,"d":"R$ 438.04"}}]
["OBS:","No cálculo dos preços médios mensais divulgados no sítio eletrônico da ANP, somente são considerados os preços à vista dos produtos asfálticos, de acordo com suas regiões de origem, ponderados pelos respectivos volumes comercializados, com todos os impostos incluídos, exceto ICMS (em função das diferenças tributárias existentes entre as unidades da federação), PIS/Pasep e Cofins e sem inclusões de fretes entre origem e destino do produto.",{"$nulls":3},"BDI =",{"v":0.2423,"d":"24.23%"},{"$f":"ROUND(H118*G119,2)","v":{"v":106.14,"d":"R$ 106.14"}}]
[]
[null,"Considerado: 1,65% PIS, 7,6% COFINS",{"$nulls":3},"PREÇO FINAL",null,{"$f":"H118+H119","v":{"v":544.18,"d":"R$ 544.18"}}]
[]
[]
[]
[]
[]
["CPU 09",null,null,"CAIXA COLETORA COM PAREDES EM PEDRA GRÊS, 0,80x0,80, COM FUNDO E TAMPA DE CONCRETO",{"$nulls":3},"unid. "]
["ORDEM","REFERÊNCIA","CÓDIGO","DESCRIÇÃO","UNIDADE","COEFICIENTE","CUSTO UNIT. (R$)","TOTAL (R$)"]
[1,"SINAPI",88316,"SERVENTE COM ENCARGOS COMPLEMENTARES","h",15,17.76,{"$f":"ROUND(F129*G129,2)","v":{"v":266.4,"d":"266.40"}}]
[2,"SINAPI",88309,"PEDREIRO COM ENCARGOS COMPLEMENTARES","h",15,21.53,322.95]
[3,"SINAPI",5678,"RETRO-ESCAVADEIRA, 4 X 4, 86 CV (VU= 5 ANOS) - CHP DIURNO","CHP",0.6,{"v":115.3,"d":"115.30"},69.18]
[4,"SINAPI",25070,"PEDRA GRÊS 14X19X39 CM","unid",{"$f":"ROUND((J133*K133*2)+(J134*K134*2),2)","v":112},3.85,{"v":431.2,"d":"431.20"},null,"alterar aqui"]
[5,"SINAPI",88631,"ARGAMASSA TRAÇO 1:4 (CIMENTO E AREIA MÉDIA), PREPARO MANUAL. AF_08/2014","m³",{"$f":"(0.4+0.2)*0.2*0.015*F132","v":0.20160000000000006},484.12,{"v":97.6,"d":"97.60"},null,{"$f":"ROUNDUP(1.2/0.39,0)","v":4},{"$f":"ROUNDUP(1.5/0.2,0)","v":8}]
[6,"SINAPI",94964,"CONCRETO MAGRO PARA LASTRO FCK = 20MPA, TRAÇO 1:2,7:3 (CIMENTO/ AREIA MÉDIA/ BRITA 1)PREPARO MECÂNICO COM BETONEIRA 400 L. AF_07/2016","m³",{"$f":"1.2*1.2*0.05*1.08","v":0.07776},378.64,29.44,null,{"$f":"ROUNDUP(0.8/0.39,0)","v":3},{"$f":"ROUNDUP(1.5/0.2,0)","v":8}]
[7,"SINAPI",4721,"PEDRA BRITADA N. 1 OU 19 MM","m³",{"$f":"1.2*1.2*0.1","v":0.144},{"v":55.3,"d":"55.30"},7.96]
[8,"SINAPI",95875,"TRANSPORTE COMERCIAL DE BRITA","m³/km",{"$f":"F135*45","v":6.4799999999999995},1.75,11.34]
[]
[{"$nulls":3},"TAMPA CONCRETO (1,20X1,20X0,10M) / TAMPA DUPLA CONCRETO (1,20X0,60X0,10M)"]
[9,"SINAPI",88316,"SERVENTE COM ENCARGOS COMPLEMENTARES","h",3,17.76,{"$f":"ROUND(F139*G139,2)","v":53.28}]
[10,"SINAPI",88309,"PEDREIRO COM ENCARGOS COMPLEMENTARES","h",3,21.53,64.59]
[11,"SINAPI",6193,"TABUA MADEIRA 3A QUALIDADE 2,5 X 20CM (1 X 12\") NAO APARELHADA","m²",{"$f":"((0.6+0.6+1.2+1.2)*2)*0.1","v":0.72},11.23,8.09]
[12,"SINAPI",94964,"CONCRETO FCK = 20MPA, TRAÇO 1:2,7:3 (CIMENTO/ AREIA MÉDIA/ BRITA 1)PREPARO MECÂNICO COM BETONEIRA 400 L. AF_07/2016","m³",{"$f":"1.2*1.2*0.1*1.08","v":0.15552},378.64,58.89]
[13,"SINAPI",43061,"ACO CA-60 - 5,0MM","kg",{"$f":"1.2*13*0.154","v":2.4024},12.01,28.85]
[14,"SINAPI",43061,"ACO CA-60 - 5,0MM","kg",{"$f":"F143","v":2.4024},12.01,28.85]
[15,"SINAPI",43058,"ACO CA-50 - 12,5MM","kg",{"$f":"0.6*0.963*2","v":1.1556},12.05,13.92]
[]
[]
[{"$nulls":5},"CUSTO (unid.)",null,{"$f":"SUM(H129:H147)","v":{"v":1492.5399999999997,"d":"R$ 1,492.54"}}]
["OBS:",{"$nulls":4},"BDI =",{"v":0.2423,"d":"24.23%"},{"$f":"TRUNC(H148*G149,2)","v":{"v":361.64,"d":"R$ 361.64"}}]
[]
[{"$nulls":5},"PREÇO FINAL",null,{"$f":"H148+H149","v":{"v":1854.1799999999998,"d":"R$ 1,854.18"}}]

{"sheet":"DMT","index":7,"n_rows":5,"n_cols":2,"rows_kept":5,"hidden":true}
["BASE/CBUQ","Distância (km)"]
["CONPASUL",{"$f":"43.4+1","v":44.4}]
["GIOVANELLA",{"$f":"47.3+1","v":48.3}]
["TREVISAN",{"$f":"38.5+1","v":39.5}]
["DMT MÉDIA =",{"$f":"ROUNDUP(SUM(B2:B4)/3,0)","v":45}]